Statistics for Random Subdivision to Country (Extreme!)

Click here to take the quiz!

General Stats

  • This quiz has been taken 965 times
  • The average score is 17 of 50

Answer Stats

SubdivisionCountry% Correct
"Tanger-Tétouan-Al Hoceïma"
100%
KunduzAfghanistan
100%
KorçëAlbania
100%
TiranëAlbania
100%
DurrësAlbania
100%
KukësAlbania
100%
AlgiersAlgeria
100%
BoumerdèsAlgeria
100%
SkikdaAlgeria
100%
Escaldes-EndorganyAndorra
100%
LuandaAngola
100%
BenguelaAngola
100%
NamibeAngola
100%
Saint PeterAntigua and Barbuda / Barbados / Dominica
100%
SaltaArgentina
100%
CatamarcaArgentina
100%
TucumánArgentina
100%
La PampaArgentina
100%
MisionesArgentina / Paraguay
100%
Cocos (Keeling) IslandsAustralia
100%
QueenslandAustralia
100%
TasmaniaAustralia
100%
ViennaAustria
100%
VorarlbergAustria
100%
TyrolAustria
100%
Upper AustriaAustria
100%
Lower AustriaAustria
100%
NakhchivanAzerbaijan
100%
GobustanAzerbaijan
100%
TartarAzerbaijan
100%
BakuAzerbaijan
100%
KhachmazAzerbaijan
100%
Green Turtle CayBahamas
100%
South AndrosBahamas
100%
Mangrove CayBahamas
100%
Cat IslandBahamas
100%
Berry IslandsBahamas
100%
BrestBelarus
100%
MogilevBelarus
100%
VitebskBelarus
100%
BelizeBelize
100%
Republika SrpskaBosnia and Herzegovina
100%
Federation of Bosnia and HerzegovinaBosnia and Herzegovina
100%
GaboroneBotswana
100%
KgatlengBotswana
100%
CentralBotswana / Fiji / Israel / Malawi / Malta / Papua New Guinea / Paraguay / Solomon Islands / Zambia / Ghana
100%
Distrito FederalBrazil
100%
RondôniaBrazil
100%
São PauloBrazil
100%
ParáBrazil
100%
MaranhãoBrazil
100%
TocantinsBrazil
100%
PernambucoBrazil
100%
AmazonasBrazil / Colombia / Peru / Venezuela
100%
PlovdivBulgaria
100%
RuseBulgaria
100%
HaskovoBulgaria
100%
LovechBulgaria
100%
Sud-OuestBurkina Faso
100%
Bujumbura RuralBurundi
100%
Phnom PenhCambodia
100%
Koh KongCambodia
100%
East CameroonCameroon
100%
Central CameroonCameroon
100%
Southwest CameroonCameroon
100%
South CameroonCameroon
100%
OntarioCanada
100%
SaskatchewanCanada
100%
Nova ScotiaCanada
100%
AlbertaCanada
100%
New BrunswickCanada
100%
PraiaCape Verde
100%
São FilipeCape Verde
100%
SalCape Verde
100%
BanguiCentral African Republic
100%
AntofagastaChile
100%
ValparaísoChile
100%
CoquimboChile
100%
TarapacáChile
100%
Aysén del General Carlos Ibáñez del CampoChile
100%
ShanghaiChina
100%
MacauChina
100%
GuangdongChina
100%
ShandongChina
100%
Ningxia HuiChina
100%
TibetChina
100%
GuizhouChina
100%
HenanChina
100%
HubeiChina
100%
JiangsuChina
100%
HainanChina
100%
HebeiChina
100%
SichuanChina
100%
RisaraldaColombia
100%
San JoséCosta Rica / Uruguay
100%
Zagreb CountyCroatia
100%
Dubrovnik-NeretvaCroatia
100%
Osijek-BaranjaCroatia
100%
City of ZagrebCroatia
100%
Santiago de CubaCuba
100%
GuantánamoCuba
100%
LimassolCyprus
100%
LarnacaCyprus
100%
PragueCzech Republic
100%
ZlínCzech Republic
100%
MidtjyllandDenmark
100%
SjællandDenmark
100%
DjiboutiDjibouti
100%
DikhilDjibouti
100%
BarahonaDominican Republic
100%
Elías PiñaDominican Republic
100%
KwangoD. R. Congo
100%
TanganyikaD. R. Congo
100%
TungurahuaEcuador
100%
Morona-SantiagoEcuador
100%
ChimborazoEcuador
100%
GalápagosEcuador
100%
AlexandriaEgypt
100%
Port SaidEgypt
100%
SuezEgypt
100%
CairoEgypt
100%
North SinaiEgypt
100%
SohagEgypt
100%
South SinaiEgypt
100%
Southern Red SeaEritrea
100%
Lääne-ViruEstonia
100%
HarjuEstonia
100%
AmharaEthiopia
100%
TigrayEthiopia
100%
UusimaaFinland
100%
KainuuFinland
100%
LaplandFinland
100%
Central FinlandFinland
100%
Åland IslandsFinland
100%
North KareliaFinland
100%
Hauts-de-FranceFrance
100%
Saint Pierre and MiquelonFrance
100%
MayotteFrance
100%
Saint BarthélemyFrance
100%
French PolynesiaFrance
100%
BrittanyFrance
100%
BanjulGambia
100%
GuriaGeorgia
100%
TbilisiGeorgia
100%
BremenGermany
100%
Lower SaxonyGermany
100%
BrandenburgGermany
100%
HesseGermany
100%
SaxonyGermany
100%
North Rhine-WestphaliaGermany
100%
Saxony-AnhaltGermany
100%
North AegeanGreece
100%
PeloponneseGreece
100%
Western MacedoniaGreece
100%
Eastern Macedonia and ThraceGreece
100%
Central MacedoniaGreece
100%
Ionian IslandsGreece
100%
CreteGreece
100%
Santa RosaGuatemala
100%
SacatepéquezGuatemala
100%
KindiaGuinea
100%
BissauGuinea-Bissau
100%
Upper Demerara-BerbiceGuyana
100%
SudHaiti
100%
ColónHonduras / Panama
100%
Jász-Nagykun-SzolnokHungary
100%
VeszprémHungary
100%
PestHungary
100%
Győr-Moson-SopronHungary
100%
StrandabyggðIceland
100%
BorgarbyggðIceland
100%
StykkishólmurIceland
100%
FjallabyggðIceland
100%
HveragerðiIceland
100%
BlönduósbærIceland
100%
VestmannaeyjarIceland
100%
SkagabyggðIceland
100%
DalvíkurbyggðIceland
100%
HvalfjarðarsveitIceland
100%
KjósarhreppurIceland
100%
AkrahreppurIceland
100%
KópavogurIceland
100%
ReykjanesbærIceland
100%
BiharIndia
100%
DelhiIndia
100%
Andaman and Nicobar IslandsIndia
100%
TelanganaIndia
100%
GoaIndia
100%
Madhya PradeshIndia
100%
GujaratIndia
100%
Tamil NaduIndia
100%
Daman and DiuIndia
100%
TripuraIndia
100%
Jammu and KashmirIndia
100%
Andhra PradeshIndia
100%
JharkhandIndia
100%
Uttar PradeshIndia
100%
Himachal PradeshIndia
100%
ManipurIndia
100%
Bangka Belitung IslandsIndonesia
100%
South SumatraIndonesia
100%
South KalimantanIndonesia
100%
East JavaIndonesia
100%
Southeast SulawesiIndonesia
100%
West Nusa TenggaraIndonesia
100%
RiauIndonesia
100%
North SumatraIndonesia
100%
Central SulawesiIndonesia
100%
Central JavaIndonesia
100%
FarsIran
100%
HormozgānIran
100%
LorestanIran
100%
IlamIran
100%
BaghdadIraq
100%
Al AnbarIraq
100%
BasraIraq
100%
DublinIreland
100%
SligoIreland
100%
CorkIreland
100%
WicklowIreland
100%
Tel AvivIsrael
100%
LiguriaItaly
100%
LombardyItaly
100%
Aosta ValleyItaly
100%
SicilyItaly
100%
ApuliaItaly
100%
AbruzzoItaly
100%
PiedmontItaly
100%
VenetoItaly
100%
MoliseItaly
100%
Trentino-Alto Adige/SüdtirolItaly
100%
AbidjanIvory Coast
100%
Kingston ParishJamaica
100%
ŌitaJapan
100%
HokkaidoJapan
100%
WakayamaJapan
100%
HyōgoJapan
100%
TokushimaJapan
100%
NaraJapan
100%
NaganoJapan
100%
FukuokaJapan
100%
IwateJapan
100%
KyotoJapan
100%
West KazakhstanKazakhstan
100%
MombasaKenya
100%
MigoriKenya
100%
Vientiane PrefectureLaos
100%
StopiņiLatvia
100%
MadonaLatvia
100%
BurtniekiLatvia
100%
PļaviņasLatvia
100%
RigaLatvia
100%
MālpilsLatvia
100%
ViesīteLatvia
100%
SalaspilsLatvia
100%
JēkabpilsLatvia
100%
Baalbek-HermelLebanon
100%
QuthingLesotho
100%
MaseruLesotho
100%
Grand KruLiberia
100%
MarylandLiberia / United States
100%
KufraLibya
100%
SchaanLiechtenstein
100%
KlaipėdaLithuania
100%
TelšiaiLithuania
100%
LuxembourgLuxembourg
100%
RedangeLuxembourg
100%
AnalanjirofoMadagascar
100%
JohorMalaysia
100%
PutrajayaMalaysia
100%
Pahang Darul MakmarMalaysia
100%
PenangMalaysia
100%
MalaccaMalaysia
100%
FaafuMaldives
100%
Haa DhaaluMaldives
100%
BamakoMali
100%
Kili IslandMarshall Islands
100%
Nouakchott-OuestMauritania
100%
YucatánMexico
100%
SonoraMexico
100%
TabascoMexico
100%
SinaloaMexico
100%
VeracruzMexico
100%
MichoacánMexico
100%
PueblaMexico
100%
ChihuahuaMexico
100%
GuanajuatoMexico
100%
DondușeniMoldova
100%
FăleștiMoldova
100%
DrochiaMoldova
100%
NisporeniMoldova
100%
OcnițaMoldova
100%
UmnugoviMongolia
100%
UlaanbaatarMongolia
100%
BarMontenegro
100%
Casablanca-SettatMorocco
100%
KayinMyanmar
100%
RakhineMyanmar
100%
ChinMyanmar
100%
Kamali PradeshNepal
100%
North HollandNetherlands
100%
North BrabantNetherlands
100%
Bay of PlentyNew Zealand
100%
Cook IslandsNew Zealand
100%
TasmanNew Zealand
100%
WellingtonNew Zealand
100%
León DepartmentNicaragua
100%
Nueva SegoviaNicaragua
100%
NiameyNiger
100%
KadunaNigeria
100%
ZamfaraNigeria
100%
DeltaNigeria
100%
PyongyangNorth Korea
100%
South PyonganNorth Korea
100%
RyanggangNorth Korea
100%
KangwonNorth Korea
100%
Makedonski BrodNorth Macedonia
100%
Centar ŽupaNorth Macedonia
100%
StrumicaNorth Macedonia
100%
PlasnicaNorth Macedonia
100%
SopišteNorth Macedonia
100%
JegunovceNorth Macedonia
100%
RogalandNorway
100%
TromsNorway
100%
HedmarkNorway
100%
Sogn og FjordaneNorway
100%
OsloNorway
100%
AkershusNorway
100%
SvalbardNorway
100%
MuscatOman
100%
Azad Jammu and KashmirPakistan
100%
NgeremlenguiPalau
100%
PeleliuPalau
100%
East SepikPapua New Guinea
100%
ConcepciónParaguay
100%
ItapúaParaguay
100%
Alto ParaguayParaguay
100%
CordilleraParaguay / Philippines
100%
Constitutional Province of CallaoPeru
100%
ApurímacPeru
100%
AyacuchoPeru
100%
HuánucoPeru
100%
JunínPeru
100%
San MartínPeru
100%
Northern MindanaoPhilippines
100%
BicolPhilippines
100%
DavaoPhilippines
100%
IlocosPhilippines
100%
ManilaPhilippines
100%
BangsamoroPhilippines
100%
Southwestern TagalogPhilippines
100%
PodlaskiePoland
100%
OpolePoland
100%
Kuyavian-PomeranianPoland
100%
West PomeranianPoland
100%
AzoresPortugal
100%
LisbonPortugal
100%
PortalegrePortugal
100%
CoimbraPortugal
100%
BragançaPortugal
100%
Al ShamalQatar
100%
VâlceaRomania
100%
BucharestRomania
100%
Caraș-SeverinRomania
100%
OrenburgRussia
100%
Karachay-CherkessiaRussia
100%
MurmanskRussia
100%
ChechnyaRussia
100%
Saint PetersburgRussia
100%
KalmykiaRussia
100%
MoscowRussia
100%
CrimeaRussia
100%
KamchatkaRussia
100%
Nizhny NovgorodRussia
100%
ArkhangelskRussia
100%
IvanovoRussia
100%
NovosibirskRussia
100%
YakutiaRussia
100%
LipetskRussia
100%
Yamalo-NenetsRussia
100%
UdmurtiaRussia
100%
VladimirRussia
100%
TverRussia
100%
TuvaRussia
100%
BuryatiaRussia
100%
SmolenskRussia
100%
TomskRussia
100%
KemerovoRussia
100%
AstrakhanRussia
100%
Kabardino-BalkariaRussia
100%
KrasnodarRussia
100%
YaroslavlRussia
100%
SakhalinRussia
100%
JewishRussia
100%
NevisSaint Kitts and Nevis
100%
ChoiseulSaint Lucia
100%
FlorentinoSan Marino
100%
Autonomous Region of PrincipeSao Tome and Principe
100%
LobataSao Tome and Principe
100%
Central BanatSerbia
100%
NišavaSerbia
100%
ŠumadijaSerbia
100%
North BačkaSerbia
100%
Žilina RegionSlovakia
100%
Bratislava RegionSlovakia
100%
ŠalovciSlovenia
100%
Trnovska VasSlovenia
100%
TišinaSlovenia
100%
BledSlovenia
100%
Nova GoricaSlovenia
100%
ZavrčSlovenia
100%
DobrovnikSlovenia
100%
ŠtoreSlovenia
100%
Sveti Jurij ob ŠčavniciSlovenia
100%
Selnica ob DraviSlovenia
100%
ŠentiljSlovenia
100%
KranjSlovenia
100%
Hoče–SlivnicaSlovenia
100%
Sveta Trojica v Slovenskih GoricahSlovenia
100%
IdrijaSlovenia
100%
LjubljanaSlovenia
100%
ŠkocjanSlovenia
100%
Sveti Andraž v Slovenskih GoricahSlovenia
100%
MoravčeSlovenia
100%
VodiceSlovenia
100%
HajdinaSlovenia
100%
Gornji PetrovciSlovenia
100%
LaškoSlovenia
100%
SevnicaSlovenia
100%
Hrpelje-KozinaSlovenia
100%
RogatecSlovenia
100%
LimpopoSouth Africa
100%
Northern CapeSouth Africa
100%
Free StateSouth Africa
100%
South GyeongsangSouth Korea
100%
South ChungcheongSouth Korea
100%
SeoulSouth Korea
100%
IncheonSouth Korea
100%
North ChungcheongSouth Korea
100%
GyeonggiSouth Korea
100%
Northern Upper NileSouth Sudan
100%
Principality of AsturiasSpain
100%
Canary IslandsSpain
100%
CataloniaSpain
100%
Community of MadridSpain
100%
Castilla-La ManchaSpain
100%
Al QadarifSudan
100%
Blue NileSudan
100%
White NileSudan
100%
SkåneSweden
100%
GotlandSweden
100%
HallandSweden
100%
UppsalaSweden
100%
VästernorrlandSweden
100%
KalmarSweden
100%
StockholmSweden
100%
VästmanlandSweden
100%
UriSwitzerland
100%
BernSwitzerland
100%
GenevaSwitzerland
100%
ValaisSwitzerland
100%
Appenzell AusserrhodenSwitzerland
100%
SolothurnSwitzerland
100%
NidwaldenSwitzerland
100%
St. GallenSwitzerland
100%
RaqqaSyria
100%
DamascusSyria
100%
AleppoSyria
100%
HomsSyria
100%
TaichungTaiwan
100%
KinmenTaiwan
100%
New TaipeiTaiwan
100%
Gordo-BadakhstanTajikistan
100%
Dar es SalaamTanzania
100%
MtwaraTanzania
100%
IringaTanzania
100%
KilimanjaroTanzania
100%
Chiang RaiThailand
100%
PhatthalungThailand
100%
RatchaburiThailand
100%
Samut SongkhramThailand
100%
Sing BuriThailand
100%
Samut SakhonThailand
100%
Uthai ThaniThailand
100%
Maha SarakhamThailand
100%
PattaniThailand
100%
BangkokThailand
100%
Surat ThaniThailand
100%
TongatapuTonga
100%
ArimaTrinidad and Tobago
100%
NabeulTunisia
100%
Sidi BouzidTunisia
100%
SousseTunisia
100%
KırşehirTurkey
100%
KaramanTurkey
100%
ŞırnakTurkey
100%
MersinTurkey
100%
TekirdağTurkey
100%
EdirneTurkey
100%
ArdahanTurkey
100%
AğrıTurkey
100%
BalıkesirTurkey
100%
BitlisTurkey
100%
KırklareliTurkey
100%
BatmanTurkey
100%
AntalyaTurkey
100%
GaziantepTurkey
100%
OsmaniyeTurkey
100%
MatalyaTurkey
100%
SerereUganda
100%
CherkasyUkraine
100%
ChernihivUkraine
100%
OdessaUkraine
100%
Ras Al KhaimahUnited Arab Emirates
100%
DubaiUnited Arab Emirates
100%
Umm Al QuwainUnited Arab Emirates
100%
GuernseyUnited Kingdom
100%
Saint Helena, Ascension and Tristan da CunhaUnited Kingdom
100%
South Georgia and the South Sandwich IslandsUnited Kingdom
100%
British Indian Ocean TerritoryUnited Kingdom
100%
Turks and Caicos IslandsUnited Kingdom
100%
IdahoUnited States
100%
MichiganUnited States
100%
Rhode IslandUnited States
100%
PennsylvaniaUnited States
100%
West VirginiaUnited States
100%
Northern Mariana IslandsUnited States
100%
KentuckyUnited States
100%
IndianaUnited States
100%
IllinoisUnited States
100%
WashingtonUnited States
100%
VirginiaUnited States
100%
ConnecticutUnited States
100%
CaliforniaUnited States
100%
WyomingUnited States
100%
WisconsinUnited States
100%
South CarolinaUnited States
100%
South DakotaUnited States
100%
MaineUnited States
100%
TexasUnited States
100%
MissouriUnited States
100%
U.S. Virgin IslandsUnited States
100%
MinnesotaUnited States
100%
KansasUnited States
100%
FloresUruguay
100%
SirdaryoUzbekistan
100%
SamarqandUzbekistan
100%
QashqadaryoUzbekistan
100%
MonagasVenezuela
100%
ApureVenezuela
100%
Quảng BìnhVietnam
100%
Hà TĩnhVietnam
100%
Hà GiangVietnam
100%
HaiphongVietnam
100%
Lào CaiVietnam
100%
Điện BiênVietnam
100%
Quảng NinhVietnam
100%
Ninh BìnhVietnam
100%
Kiên GiangVietnam
100%
Phú YênVietnam
100%
Bình ThuậnVietnam
100%
Ninh ThuậnVietnam
100%
Al BaydaYemen
100%
Sana'aYemen
100%
LusakaZambia
100%
Mashonaland EastZimbabwe
100%
Mashonaland WestZimbabwe
100%
SofiaBulgaria / Madagascar
75%
Emilia-RomagnaItaly
75%
SaitamaJapan
75%
AlmatyKazakhstan
75%
MaramureșRomania
75%
KaliningradRussia
75%
FujairahUnited Arab Emirates
75%
BarbudaAntigua and Barbuda
67%
Tierra del FuegoArgentina
67%
VratsaBulgaria
67%
Kampong SpeuCambodia
67%
ManitobaCanada
67%
JilinChina
67%
DiliEast Timor
67%
Beni SuefEgypt
67%
BerlinGermany
67%
AshantiGhana
67%
North SulawesiIndonesia
67%
FukushimaJapan
67%
Terengganu Darul ImanMalaysia
67%
RožajeMontenegro
67%
OshikotoNamibia
67%
OgunNigeria
67%
LozovoNorth Macedonia
67%
MadeiraPortugal
67%
BrașovRomania
67%
ChukotkaRussia
67%
NovgorodRussia
67%
AjdovščinaSlovenia
67%
ŽiriSlovenia
67%
Lower JubaSomalia
67%
Ubon RatchathaniThailand
67%
Nakhon SawanThailand
67%
KanchanaburiThailand
67%
NevşehirTurkey
67%
Isle of ManUnited Kingdom
67%
Khánh HòaVietnam
67%
Tuyên QuangVietnam
67%
Ribeira GrandeCape Verde
60%
PanjshirAfghanistan
50%
ElbasanAlbania
50%
LaghouatAlgeria
50%
Cuanza NorteAngola
50%
ChubutArgentina
50%
YerevanArmenia
50%
ShirvanAzerbaijan
50%
East Grand BahamaBahamas
50%
South EleutheraBahamas
50%
BiminiBahamas
50%
RajshahiBangladesh
50%
GrodnoBelarus
50%
CollinesBenin
50%
FrancistownBotswana
50%
BahiaBrazil
50%
Minas GeraisBrazil
50%
MontanaBulgaria
50%
Tboung KhmomCambodia
50%
AdamawaCameroon / Nigeria
50%
QuebecCanada
50%
YukonCanada
50%
Santa Catarina do FogoCape Verde
50%
Bamingui-BongoranCentral African Republic
50%
TibestiChad
50%
LacChad
50%
AtacamaChile
50%
MagdalenaColombia
50%
ChocóColombia
50%
NariñoColombia
50%
BolívarColombia / Ecuador / Venezuela
50%
Vukovar-SrijemCroatia
50%
Krapina-ZagorjeCroatia
50%
Ciego de ÁvilaCuba
50%
PaphosCyprus
50%
South BohemianCzech Republic
50%
Moravian-SilesianCzech Republic
50%
Karlovy VaryCzech Republic
50%
VysočinaCzech Republic
50%
GreenlandDenmark
50%
Monte PlataDominican Republic
50%
BaorucoDominican Republic
50%
AhuachapánEl Salvador
50%
CabañasEl Salvador
50%
MaekelEritrea
50%
OromiaEthiopia
50%
Addis AbabaEthiopia
50%
PirkanmaaFinland
50%
Alta VerapazGuatemala
50%
PeténGuatemala
50%
CortésHonduras
50%
Islas de la BahíaHonduras
50%
HelgafellssveitIceland
50%
TjörneshreppurIceland
50%
MaharashtraIndia
50%
KarnatakaIndia
50%
RajasthanIndia
50%
PunjabIndia / Pakistan
50%
East Nusa TenggaraIndonesia
50%
ArdabilIran
50%
Sistan and BaluchestanIran
50%
KerkukIraq
50%
Friuli-Venezia GiuliaItaly
50%
TuscanyItaly
50%
GunmaJapan
50%
TokyoJapan
50%
AmmanJordan
50%
KaragandaKazakhstan
50%
LamuKenya
50%
Uasin GishuKenya
50%
PrizrenKosovo
50%
GjakovaKosovo
50%
SekongLaos
50%
InčukalnsLatvia
50%
CiblaLatvia
50%
River GeeLiberia
50%
UtenaLithuania
50%
Perlis Indera KayanganMalaysia
50%
SarawakMalaysia
50%
Lae AtollMarshall Islands
50%
GuidimakaMauritania
50%
Nouakchott-SudMauritania
50%
Baja California SurMexico
50%
TamaulipasMexico
50%
CampecheMexico
50%
CantemirMoldova
50%
OrkhonMongolia
50%
CetinjeMontenegro
50%
PodgoricaMontenegro
50%
Laâyoune-Sakia El HamraMorocco
50%
KachinMyanmar
50%
ShanMyanmar
50%
Province No. 1Nepal
50%
Sint MaartenNetherlands
50%
FrieslandNetherlands
50%
GelderlandNetherlands
50%
FlevolandNetherlands
50%
NiueNew Zealand
50%
ČaškaNorth Macedonia
50%
PrilepNorth Macedonia
50%
HordalandNorway
50%
TrøndelagNorway
50%
Al WustaOman
50%
Al BuraymiOman
50%
PanamáPanama
50%
GuairáParaguay
50%
UcayaliPeru
50%
ŁódźPoland
50%
LublinPoland
50%
Greater PolandPoland
50%
Cuvette-OuestRepublic of the Congo
50%
ChuvashiaRussia
50%
ChelyabinskRussia
50%
KurganRussia
50%
MontegiardinoSan Marino
50%
MoravicaSerbia
50%
West BačkaSerbia
50%
Grand'AnseSeychelles
50%
Rogaška SlatinaSlovenia
50%
KozjeSlovenia
50%
Šmartno ob PakiSlovenia
50%
ŠoštanjSlovenia
50%
PodlehnikSlovenia
50%
RazkrižjeSlovenia
50%
South KordofanSudan
50%
ParamariboSuriname
50%
GävleborgSweden
50%
Basel-StadtSwitzerland
50%
ThurgauSwitzerland
50%
Basel-LandschaftSwitzerland
50%
As-SuwaydaSyria
50%
HualienTaiwan
50%
YunlinTaiwan
50%
Unguja SouthTanzania
50%
SimiyuTanzania
50%
MwanzaTanzania
50%
PhraeThailand
50%
TakThailand
50%
Pathum ThaniThailand
50%
ChumphonThailand
50%
Vava'uTonga
50%
ElazığTurkey
50%
KyegegwaUganda
50%
KampalaUganda
50%
Ivano-FrankivskUkraine
50%
SumyUkraine
50%
New JerseyUnited States
50%
AlaskaUnited States
50%
Sơn LaVietnam
50%
Long AnVietnam
50%
Lạng SơnVietnam
50%
Lâm ĐồngVietnam
50%
Thái NguyênVietnam
50%
Bình PhướcVietnam
50%
Vĩnh PhúcVietnam
50%
Matabeleland NorthZimbabwe
50%
PotosíBolivia
40%
Rangárþing eystraIceland
40%
TetovoNorth Macedonia
40%
El TarefAlgeria
33%
EncampAndorra
33%
FormosaArgentina
33%
GoychayAzerbaijan
33%
BeylaganAzerbaijan
33%
Samdrup JongkharBhutan
33%
OruroBolivia
33%
ParaíbaBrazil
33%
MbomouCentral African Republic
33%
LiaoningChina
33%
San Andrés y ProvidenciaColombia
33%
Sisak-MoslavinaCroatia
33%
Hradec KrálovéCzech Republic
33%
Racha-Lechkhumi and Kvemo SvanetiGeorgia
33%
Kvemo KartliGeorgia
33%
Baden-WürttembergGermany
33%
TotonicapánGuatemala
33%
EscuintlaGuatemala
33%
JalapaGuatemala
33%
AichiJapan
33%
ChibaJapan
33%
KostanayKazakhstan
33%
XaisombounLaos
33%
SaulkrastiLatvia
33%
PāvilostaLatvia
33%
Grand BassaLiberia
33%
TriesenbergLiechtenstein
33%
QuerétaroMexico
33%
DurangoMexico
33%
BulganMongolia
33%
MarlboroughNew Zealand
33%
North Caribbean Coast RegionNicaragua
33%
AgadezNiger
33%
EkitiNigeria
33%
NasarawaNigeria
33%
StudeničaniNorth Macedonia
33%
BoquerónParaguay
33%
LeiriaPortugal
33%
MehedințiRomania
33%
SibiuRomania
33%
BotoșaniRomania
33%
Anse aux PinsSeychelles
33%
Trenčín RegionSlovakia
33%
MajšperkSlovenia
33%
ŽetaleSlovenia
33%
LjutomerSlovenia
33%
VelenjeSlovenia
33%
RuvumaTanzania
33%
PwaniTanzania
33%
MukdahanThailand
33%
ChaiyaphumThailand
33%
MbararaUganda
33%
LavallejaUruguay
33%
AndijanUzbekistan
33%
Đắk NôngVietnam
33%
Bình DươngVietnam
33%
Tizi OuzouAlgeria
25%
San LuisArgentina
25%
Kasaï-CentralD. R. Congo
25%
Khanty-MansiRussia
25%
ArushaTanzania
25%
HarariEthiopia
20%
ShabwahYemen
20%
NangarharAfghanistan
0%
KapisaAfghanistan
0%
TakharAfghanistan
0%
ZabulAfghanistan
0%
KunarAfghanistan
0%
LogarAfghanistan
0%
HelmandAfghanistan
0%
JowzjanAfghanistan
0%
NuristanAfghanistan
0%
HeratAfghanistan
0%
LaghmanAfghanistan
0%
SamanganAfghanistan
0%
GhazniAfghanistan
0%
FarahAfghanistan
0%
KabulAfghanistan
0%
WardakAfghanistan
0%
KhostAfghanistan
0%
BalkhAfghanistan
0%
Sar-e PolAfghanistan
0%
GhorAfghanistan
0%
BaghlanAfghanistan
0%
KandaharAfghanistan
0%
UrozganAfghanistan
0%
BadghisAfghanistan
0%
PaktikaAfghanistan
0%
PaktiaAfghanistan
0%
ParwanAfghanistan
0%
BadakhstanAfghanistan
0%
NimruzAfghanistan
0%
BamyanAfghanistan
0%
DaykundiAfghanistan
0%
FaryabAfghanistan
0%
GjirokastërAlbania
0%
FierAlbania
0%
ShkodërAlbania
0%
VlorëAlbania
0%
DibërAlbania
0%
LezhëAlbania
0%
BeratAlbania
0%
MilaAlgeria
0%
BéjaïaAlgeria
0%
BécharAlgeria
0%
KhenchelaAlgeria
0%
GhardaïaAlgeria
0%
NaâmaAlgeria
0%
MostaganemAlgeria
0%
Aïn DeflaAlgeria
0%
Aïn TémouchentAlgeria
0%
Sidi Bel AbbèsAlgeria
0%
IlliziAlgeria
0%
OuarglaAlgeria
0%
El BayadhAlgeria
0%
MédéaAlgeria
0%
SétifAlgeria
0%
GuelmaAlgeria
0%
BatnaAlgeria
0%
Oum el-BouaghiAlgeria
0%
SaïdaAlgeria
0%
El OuedAlgeria
0%
Souk AhrasAlgeria
0%
AnnabaAlgeria
0%
TlemcenAlgeria
0%
OranAlgeria
0%
MascaraAlgeria
0%
ChiefAlgeria
0%
Bordj Bou ArréridjAlgeria
0%
TamanghassetAlgeria
0%
BiskraAlgeria
0%
DjelfaAlgeria
0%
BouïraAlgeria
0%
TiaretAlgeria
0%
RelizaneAlgeria
0%
BlidaAlgeria
0%
ConstantineAlgeria
0%
TébessaAlgeria
0%
M'silaAlgeria
0%
TindoufAlgeria
0%
TissemsiltAlgeria
0%
JijefAlgeria
0%
TipazaAlgeria
0%
AdrarAlgeria / Mauritania
0%
OrdinoAndorra
0%
Sant Julià de LòriaAndorra
0%
La MassanaAndorra
0%
CanilloAndorra
0%
Andorra la VellaAndorra
0%
ZaireAngola
0%
CabindaAngola
0%
BiéAngola
0%
Lunda SulAngola
0%
Lunda NorteAngola
0%
MalanjeAngola
0%
Cuanza SulAngola
0%
Cuando CubangoAngola
0%
UígeAngola
0%
HuamboAngola
0%
CuneneAngola
0%
HuílaAngola
0%
MoxicoAngola
0%
BengoAngola
0%
RedondaAntigua and Barbuda
0%
Saint PhilipAntigua and Barbuda / Barbados
0%
Saint JohnAntigua and Barbuda / Barbados / Dominica / Grenada
0%
Saint GeorgeAntigua and Barbuda / Barbados / Dominica / Grenada / Saint Vincent
0%
Saint PaulAntigua and Barbuda / Dominica
0%
Saint MaryAntigua and Barbuda / Jamaica
0%
ChacoArgentina
0%
Santiago del EsteroArgentina
0%
JujuyArgentina
0%
Entre RíosArgentina
0%
NeuquénArgentina
0%
Santa FeArgentina
0%
MendozaArgentina
0%
CorrientesArgentina
0%
Buenos AiresArgentina
0%
Santa CruzArgentina / Bolivia / Cape Verde
0%
CórdobaArgentina / Colombia
0%
San JuanArgentina / Dominican Republic
0%
La RiojaArgentina / Spain
0%
Río NegroArgentina / Uruguay
0%
ShirakArmenia
0%
AraratArmenia
0%
TavushArmenia
0%
LoriArmenia
0%
KotaykArmenia
0%
ArmavirArmenia
0%
AragatsotnArmenia
0%
Vayots DzorArmenia
0%
GegharkunikArmenia
0%
SyunikArmenia
0%
Australian Capital TerritoryAustralia
0%
Western AustraliaAustralia
0%
Christmas IslandAustralia
0%
VictoriaAustralia
0%
Norfolk IslandAustralia
0%
South AustraliaAustralia
0%
Northern TerritoryAustralia
0%
New South WalesAustralia
0%
Jervis Bay TerritoryAustralia
0%
BurgenlandAustria
0%
CarinthiaAustria
0%
StyriaAustria
0%
SalzburgAustria
0%
GanjaAzerbaijan
0%
GoranboyAzerbaijan
0%
TovuzAzerbaijan
0%
LankaranAzerbaijan
0%
JalilabadAzerbaijan
0%
MasallyAzerbaijan
0%
NaftalanAzerbaijan
0%
KhankendiAzerbaijan
0%
ShamakhiAzerbaijan
0%
SumqayitAzerbaijan
0%
OghuzAzerbaijan
0%
ShabranAzerbaijan
0%
FizuliAzerbaijan
0%
ZardabAzerbaijan
0%
ShamkirAzerbaijan
0%
SalyanAzerbaijan
0%
ShakiAzerbaijan
0%
KhiziAzerbaijan
0%
SamukhAzerbaijan
0%
BilasuvarAzerbaijan
0%
KhojaliAzerbaijan
0%
BardaAzerbaijan
0%
GoygolAzerbaijan
0%
KhojavendAzerbaijan
0%
GadabayAzerbaijan
0%
YevlakhAzerbaijan
0%
LerikAzerbaijan
0%
ImishliAzerbaijan
0%
QusarAzerbaijan
0%
BalakanAzerbaijan
0%
LachinAzerbaijan
0%
ZaqatalaAzerbaijan
0%
JabrayilAzerbaijan
0%
QubaAzerbaijan
0%
ZangilanAzerbaijan
0%
KurdamirAzerbaijan
0%
HajigabulAzerbaijan
0%
QabalaAzerbaijan
0%
QazakhAzerbaijan
0%
AgsuAzerbaijan
0%
IsmailliAzerbaijan
0%
QubadliAzerbaijan
0%
AgdamAzerbaijan
0%
AstaraAzerbaijan
0%
YardymliAzerbaijan
0%
AgdashAzerbaijan
0%
SabirabadAzerbaijan
0%
DashkasanAzerbaijan
0%
AbsheronAzerbaijan
0%
SaatlyAzerbaijan
0%
AgstafaAzerbaijan
0%
ShushaAzerbaijan
0%
MingachevirAzerbaijan
0%
KalbajarAzerbaijan
0%
SiazanAzerbaijan
0%
NeftchalaAzerbaijan
0%
AghjabadiAzerbaijan
0%
UjarAzerbaijan
0%
QakhAzerbaijan
0%
Long IslandBahamas
0%
MayaguanaBahamas
0%
Black PointBahamas
0%
Harbour IslandBahamas
0%
South AbacoBahamas
0%
InaguaBahamas
0%
Moore's IslandBahamas
0%
West Grand BahamaBahamas
0%
Rum CayBahamas
0%
City of FreeportBahamas
0%
Ragged IslandBahamas
0%
Hope TownBahamas
0%
North AbacoBahamas
0%
Grand CayBahamas
0%
North AndrosBahamas
0%
Central AbacoBahamas
0%
Central AndrosBahamas
0%
Central EleutheraBahamas
0%
New ProvidenceBahamas
0%
North EleutheraBahamas
0%
ExumaBahamas
0%
Crooked IslandBahamas
0%
AcklinsBahamas
0%
Spanish WellsBahamas
0%
San SalvadorBahamas / El Salvador
0%
Capital GovernorateBahrain
0%
MuharraqBahrain
0%
SouthernBahrain / Botswana / Israel / Malawi / Malta / Rwanda / Sri Lanka / Zambia
0%
NorthernBahrain / Fiji / Ghana / Israel / Malawi / Malta / Rwanda / Sri Lanka / Sudan / Zambia
0%
BarisalBangladesh
0%
RangpurBangladesh
0%
DhakaBangladesh
0%
SylhetBangladesh
0%
ChittagongBangladesh
0%
MymensinghBangladesh
0%
KhulnaBangladesh
0%
Saint MichaelBarbados
0%
Saint LucyBarbados
0%
Christ ChurchBarbados
0%
Saint JosephBarbados / Dominica
0%
Saint AndrewBarbados / Dominica / Grenada / Jamaica / Saint Vincent
0%
Saint JamesBarbados / Jamaica
0%
Saint ThomasBarbados / Jamaica
0%
MinskBelarus
0%
GomelBelarus
0%
City of MinskBelarus
0%
FlandersBelgium
0%
WalloniaBelgium
0%
Brussels-Capital RegionBelgium
0%
CayoBelize
0%
CorozalBelize
0%
ToledoBelize
0%
Orange WalkBelize
0%
Stann CreekBelize
0%
AtlantiqueBenin
0%
ZouBenin
0%
AtakoraBenin
0%
BorgouBenin
0%
KouffoBenin
0%
MonoBenin
0%
OuéméBenin
0%
DongaBenin
0%
AliboriBenin
0%
LittoralBenin
0%
PlateauBenin / Nigeria
0%
ZhemgangBhutan
0%
SarpangBhutan
0%
Pema GatshelBhutan
0%
ThimphuBhutan
0%
TrashigangBhutan
0%
HaaBhutan
0%
PunakhaBhutan
0%
TsirangBhutan
0%
DaganaBhutan
0%
Wangdue PhodrangBhutan
0%
LhuentseBhutan
0%
Trashi YangtseBhutan
0%
SamtseBhutan
0%
MongarBhutan
0%
BumthangBhutan
0%
TrongsaBhutan
0%
ChhukhaBhutan
0%
GasaBhutan
0%
ParoBhutan
0%
CochabambaBolivia
0%
PandoBolivia
0%
ChuquisacaBolivia
0%
BeniBolivia
0%
TarijaBolivia
0%
La PazBolivia / El Salvador / Honduras
0%
Brčko DistrictBosnia and Herzegovina
0%
LobatseBotswana
0%
Selebi-PhikweBotswana
0%
GhanziBotswana
0%
NgamilandBotswana
0%
KgalagadiBotswana
0%
SowaBotswana
0%
OrapaBotswana
0%
JwanengBotswana
0%
KwenengBotswana
0%
South-EastBotswana
0%
North-EastBotswana
0%
ChobeBotswana
0%
PiauíBrazil
0%
Mato GrossoBrazil
0%
AcreBrazil
0%
AmapáBrazil
0%
CearáBrazil
0%
Rio Grande do NorteBrazil
0%
SergipeBrazil
0%
GoiásBrazil
0%
Rio de JaneiroBrazil
0%
ParanáBrazil
0%
Rio Grande do SulBrazil
0%
RoraimaBrazil
0%
AlagoasBrazil
0%
Mato Grosso do SulBrazil
0%
Espírito SantoBrazil
0%
Santa CatarinaBrazil / Cape Verde
0%
TutongBrunei
0%
Brunei-MuaraBrunei
0%
TemburongBrunei
0%
BelaitBrunei
0%
TargovishteBulgaria
0%
Stara ZagoraBulgaria
0%
KyustendilBulgaria
0%
BurgasBulgaria
0%
PlevenBulgaria
0%
SilistraBulgaria
0%
VidinBulgaria
0%
YambolBulgaria
0%
KardzhaliBulgaria
0%
Veliko TarnovoBulgaria
0%
ShumenBulgaria
0%
RazgradBulgaria
0%
DobrichBulgaria
0%
GabrovoBulgaria
0%
Sofia CityBulgaria
0%
PernikBulgaria
0%
VarnaBulgaria
0%
BlagoevgradBulgaria
0%
PazardzhikBulgaria
0%
SlivenBulgaria
0%
SmolyanBulgaria
0%
Hauts-BassinsBurkina Faso
0%
Centre-EstBurkina Faso
0%
Plateau-CentralBurkina Faso
0%
EstBurkina Faso
0%
Boucle de MouhounBurkina Faso
0%
CascadesBurkina Faso
0%
SahelBurkina Faso
0%
Centre-OuestBurkina Faso
0%
Centre-NordBurkina Faso
0%
Centre-SudBurkina Faso
0%
NordBurkina Faso / Haiti
0%
CentreBurkina Faso / Haiti
0%
BururiBurundi
0%
KaruziBurundi
0%
KayanzaBurundi
0%
MakambaBurundi
0%
GitegaBurundi
0%
CankuzoBurundi
0%
RumongeBurundi
0%
NgoziBurundi
0%
KirundoBurundi
0%
RuyigiBurundi
0%
MuramvyaBurundi
0%
RutanaBurundi
0%
CibitokeBurundi
0%
MuyingaBurundi
0%
BubanzaBurundi
0%
MwaroBurundi
0%
Bujumbura MairieBurundi
0%
TakéoCambodia
0%
Stung TrengCambodia
0%
MondulkiriCambodia
0%
Preah VihearCambodia
0%
Siem ReapCambodia
0%
KampotCambodia
0%
PailinCambodia
0%
BattambangCambodia
0%
KepCambodia
0%
Preah SihanoukCambodia
0%
RatanakiriCambodia
0%
KandalCambodia
0%
KratiéCambodia
0%
Svay RiengCambodia
0%
PursatCambodia
0%
Prey VengCambodia
0%
Oddar MeancheyCambodia
0%
Kampong ChhnangCambodia
0%
Kampong ThomCambodia
0%
Kampong ChamCambodia
0%
Banteay MeancheyCambodia
0%
West CameroonCameroon
0%
North CameroonCameroon
0%
Northwest CameroonCameroon
0%
Far North CameroonCameroon
0%
Littoral CameroonCameroon
0%
Northwest TerritoriesCanada
0%
Prince Edward IslandCanada
0%
NunavutCanada
0%
Newfoundland and LabradorCanada
0%
British ColumbiaCanada
0%
São Lourenço dos ÓrgãosCape Verde
0%
MaioCape Verde
0%
TarrafalCape Verde
0%
PaulCape Verde
0%
Ribeira Grande de SantiagoCape Verde
0%
MosteirosCape Verde
0%
São DomingosCape Verde
0%
São MiguelCape Verde
0%
Porto NovoCape Verde
0%
Tarrafal de São NicolauCape Verde
0%
São VicenteCape Verde
0%
São Salvador do MundoCape Verde
0%
Boa VistaCape Verde
0%
Ribeira BravaCape Verde
0%
BravaCape Verde
0%
OuhamCentral African Republic
0%
KémoCentral African Republic
0%
Nana-GrébiziCentral African Republic
0%
Sangha-MbaéréCentral African Republic
0%
VakagaCentral African Republic
0%
LobayeCentral African Republic
0%
OuakaCentral African Republic
0%
Haute-KottoCentral African Republic
0%
Ombella-M'PokoCentral African Republic
0%
Haut-MbomouCentral African Republic
0%
Ouham-PendéCentral African Republic
0%
Basse-KottoCentral African Republic
0%
Mambéré-KadéïCentral African Republic
0%
Nana-MambéréCentral African Republic
0%
SilaChad
0%
Moyen-ChariChad
0%
Logone OrientalChad
0%
Hadjer-LamisChad
0%
Mayo-Kebbi OuestChad
0%
Wadi FiraChad
0%
SalamatChad
0%
Logone OccidentalChad
0%
MandoulChad
0%
Ennedi-OuestChad
0%
OuaddaïChad
0%
Ennedi-EstChad
0%
N'DjamenaChad
0%
GuéraChad
0%
BathaChad
0%
Chari-BaguirmiChad
0%
TandjiléChad
0%
KanemChad
0%
Mayo-Kebbi EstChad
0%
Bahr el GazelChad
0%
BorkouChad
0%
Libertador General Bernando O'HigginsChile
0%
AraucaníaChile
0%
MauleChile
0%
Santiago MetropolitanChile
0%
BiobíoChile
0%
Magallenes and Chilean AntarcticaChile
0%
Los LagosChile
0%
ÑubleChile
0%
Arica y ParinacotaChile
0%
Los RíosChile / Ecuador
0%
GansuChina
0%
ChongqingChina
0%
YunnanChina
0%
QinghaiChina
0%
ShanxiChina
0%
HeilongjiangChina
0%
Guangxi ZhuangChina
0%
BeijingChina
0%
Hong KongChina
0%
AnhuiChina
0%
TianjinChina
0%
HunanChina
0%
JiangxiChina
0%
Inner MongoliaChina
0%
ZhejiangChina
0%
ShaanxiChina
0%
Xinjiang UyghurChina
0%
FujianChina
0%
MetaColombia
0%
HuilaColombia
0%
AtlánticoColombia
0%
SantanderColombia
0%
GuainíaColombia
0%
AntioquiaColombia
0%
VichadaColombia
0%
PutumayoColombia
0%
Capital DistrictColombia
0%
GuaviareColombia
0%
CesarColombia
0%
AraucaColombia
0%
CaquetáColombia
0%
CasanareColombia
0%
TolimaColombia
0%
CaucaColombia
0%
Valle del CaucaColombia
0%
CaldasColombia
0%
CundinamarcaColombia
0%
BoyacáColombia
0%
La GuajiraColombia
0%
VaupésColombia
0%
Norte de SantanderColombia
0%
QuindíoColombia
0%
SucreColombia / Venezuela
0%
Grande ComoreComoros
0%
AnjouanComoros
0%
MohéliComoros
0%
GuanacasteCosta Rica
0%
HerediaCosta Rica
0%
LimónCosta Rica
0%
CartagoCosta Rica
0%
PuntarenasCosta Rica
0%
AlajuelaCosta Rica
0%
Lika-SenjCroatia
0%
Požega-SlavoniaCroatia
0%
ZadarCroatia
0%
VaraždinCroatia
0%
IstriaCroatia
0%
Split-DalmatiaCroatia
0%
MeđimurjeCroatia
0%
Koprivnica-KriževciCroatia
0%
Bjelovar-BilogoraCroatia
0%
Šibenik-KninCroatia
0%
Virovitica-PodravinaCroatia
0%
Brod-PosavinaCroatia
0%
KarlovacCroatia
0%
Primorje-Gorski KotarCroatia
0%
MatanzasCuba
0%
ArtemisaCuba
0%
Isla de la JuventudCuba
0%
HolguínCuba
0%
Pinar del RíoCuba
0%
GranmaCuba
0%
La HabanaCuba
0%
CienfuegosCuba
0%
CamagüeyCuba
0%
MayabequeCuba
0%
Villa ClaraCuba
0%
Sancti SpíritusCuba
0%
Las TunasCuba
0%
FamagustaCyprus
0%
KyreniaCyprus
0%
NicosiaCyprus
0%
South MoravianCzech Republic
0%
PardubiceCzech Republic
0%
LiberecCzech Republic
0%
Central BohemianCzech Republic
0%
PlzeňCzech Republic
0%
OlomoucCzech Republic
0%
Ústí nad LabemCzech Republic
0%
SyddanmarkDenmark
0%
Faroe IslandsDenmark
0%
NordjyllandDenmark
0%
HovedstadenDenmark
0%
TadjourahDjibouti
0%
Ali SabiehDjibouti
0%
ArtaDjibouti
0%
ObockDjibouti
0%
Saint LukeDominica
0%
Saint MarkDominica / Grenada
0%
Saint PatrickDominica / Grenada / Saint Vincent
0%
Saint DavidDominica / Grenada / Saint Vincent
0%
PeraviaDominican Republic
0%
SantiagoDominican Republic
0%
La VegaDominican Republic
0%
La RomanaDominican Republic
0%
San Pedro de MacorísDominican Republic
0%
IndependenciaDominican Republic
0%
San CristóbalDominican Republic
0%
SamanáDominican Republic
0%
La AltagraciaDominican Republic
0%
Monte CristiDominican Republic
0%
PedernalesDominican Republic
0%
San José de OcoaDominican Republic
0%
María Trinidad SánchezDominican Republic
0%
Puerto PlataDominican Republic
0%
ValverdeDominican Republic
0%
Santiago RodríguezDominican Republic
0%
Hermanas MirabalDominican Republic
0%
DajabónDominican Republic
0%
AzuaDominican Republic
0%
Santo DomingoDominican Republic
0%
Distrito NacionalDominican Republic
0%
EspaillatDominican Republic
0%
DuarteDominican Republic
0%
Hato MayorDominican Republic
0%
El SeiboDominican Republic
0%
Sánchez RamírezDominican Republic
0%
Monseñor NouelDominican Republic
0%
TshopoD. R. Congo
0%
LualabaD. R. Congo
0%
TshuapaD. R. Congo
0%
North KivuD. R. Congo
0%
ÉquateurD. R. Congo
0%
Nord-UbangiD. R. Congo
0%
Bas-UeleD. R. Congo
0%
SankuruD. R. Congo
0%
Haut-UeleD. R. Congo
0%
Haut-LomamiD. R. Congo
0%
Haut-KatangaD. R. Congo
0%
MongalaD. R. Congo
0%
KasaïD. R. Congo
0%
Kasaï-OrientalD. R. Congo
0%
LomamiD. R. Congo
0%
ManiemaD. R. Congo
0%
KinshasaD. R. Congo
0%
South KivuD. R. Congo
0%
Kongo CentralD. R. Congo
0%
KwiluD. R. Congo
0%
Mai-NdombeD. R. Congo
0%
Sud-UbangiD. R. Congo
0%
IturiD. R. Congo
0%
BaucauEast Timor
0%
LautémEast Timor
0%
LiquiçáEast Timor
0%
BobonaroEast Timor
0%
OecusseEast Timor
0%
AinaroEast Timor
0%
ViquequeEast Timor
0%
AileuEast Timor
0%
ManufahiEast Timor
0%
ManatutoEast Timor
0%
CovalimaEast Timor
0%
ErmeraEast Timor
0%
ManabíEcuador
0%
Santo Domingo de los TsáchilasEcuador
0%
Santa ElenaEcuador
0%
LojaEcuador
0%
PastazaEcuador
0%
EsmeraldasEcuador
0%
OrellanaEcuador
0%
Zamora-ChinchipeEcuador
0%
NapoEcuador
0%
PichinchaEcuador
0%
AzuayEcuador
0%
GuayasEcuador
0%
ImbaburaEcuador
0%
CotopaxiEcuador
0%
El OroEcuador
0%
SucumbíosEcuador
0%
CarchiEcuador
0%
CañarEcuador
0%
MonufiaEgypt
0%
MinyaEgypt
0%
IsmailiaEgypt
0%
AsyutEgypt
0%
New ValleyEgypt
0%
SharqiaEgypt
0%
QenaEgypt
0%
DamiettaEgypt
0%
FaiyumEgypt
0%
GharbiaEgypt
0%
AswanEgypt
0%
BeheiraEgypt
0%
MatruhEgypt
0%
QalyubiaEgypt
0%
LuxorEgypt
0%
DakahliaEgypt
0%
GizaEgypt
0%
Kafr El SheikhEgypt
0%
Red SeaEgypt / Sudan
0%
San MiguelEl Salvador
0%
CuscatlánEl Salvador
0%
Santa AnaEl Salvador
0%
SonsonateEl Salvador
0%
San VicenteEl Salvador
0%
ChalatenangoEl Salvador
0%
MorazánEl Salvador
0%
La UniónEl Salvador
0%
UsulutánEl Salvador
0%
La LibertadEl Salvador / Peru
0%
Bioko SurEquatorial Guinea
0%
Centro SurEquatorial Guinea
0%
DjiblohoEquatorial Guinea
0%
Kié-NtemEquatorial Guinea
0%
AnnobónEquatorial Guinea
0%
Bioko NorteEquatorial Guinea
0%
LitoralEquatorial Guinea
0%
Wele-NzasEquatorial Guinea
0%
AnsebaEritrea
0%
Gash-BarkaEritrea
0%
Northern Red SeaEritrea
0%
DebubEritrea
0%
PärnuEstonia
0%
SaareEstonia
0%
HiiuEstonia
0%
ValgaEstonia
0%
ViljandiEstonia
0%
VõruEstonia
0%
PõlvaEstonia
0%
JärvaEstonia
0%
Ida-ViruEstonia
0%
LääneEstonia
0%
RaplaEstonia
0%
JõgevaEstonia
0%
TartuEstonia
0%
ManziniEswatini
0%
HhohhoEswatini
0%
LubomboEswatini
0%
ShiselweniEswatini
0%
Southern Nations, Nationalities and People'sEthiopia
0%
SomaliEthiopia
0%
AfarEthiopia
0%
Benishangul-GumuzEthiopia
0%
GambelaEthiopia
0%
Dire DawaEthiopia
0%
RotumaFiji
0%
WesternFiji / Ghana / Papua New Guinea / Rwanda / Solomon Islands / Sri Lanka / Zambia
0%
EasternFiji / Ghana / Rwanda / Saudi Arabia / Zambia
0%
Southwest FinlandFinland
0%
KymenlaaksoFinland
0%
Northern SavoniaFinland
0%
Southern SavoniaFinland
0%
Päijänne TavastiaFinland
0%
SatakuntaFinland
0%
Tavastia ProperFinland
0%
South KareliaFinland
0%
Central OstrobothniaFinland
0%
OstrobothniaFinland
0%
South OstrobothniaFinland
0%
North OstrobothniaFinland
0%
NormandyFrance
0%
New CaledoniaFrance
0%
Île-de-FranceFrance
0%
CorsicaFrance
0%
Bourgogne-Franche-ComtéFrance
0%
GuadeloupeFrance
0%
French GuianaFrance
0%
Grand EstFrance
0%
RéunionFrance
0%
OccitanieFrance
0%
Provence-Alpes-Côte d'AzurFrance
0%
Auvergne-Rhône-AlpesFrance
0%
Wallis and FutunaFrance
0%
Pays de la LoireFrance
0%
Centre-Val de LoireFrance
0%
Nouvelle-AquitaineFrance
0%
Saint MartinFrance
0%
MartiniqueFrance
0%
ChuukF. S. Micronesia
0%
PohnpeiF. S. Micronesia
0%
KosraeF. S. Micronesia
0%
YapF. S. Micronesia
0%
EstuaireGabon
0%
Moyen-OgoouéGabon
0%
NgouniéGabon
0%
Woleu-NtemGabon
0%
Ogooué-MaritimeGabon
0%
NyangaGabon
0%
Haut-OgoouéGabon
0%
Ogooué-LoloGabon
0%
Ogooué-IvindoGabon
0%
JanjanburehGambia
0%
KanifingGambia
0%
BasseGambia
0%
Mansa KonkoGambia
0%
KuntaurGambia
0%
BrikamaGambia
0%
KerewanGambia
0%
KakhetiGeorgia
0%
AbkhaziaGeorgia
0%
Samegrelo-Zemo SvanetiGeorgia
0%
Shida KartliGeorgia
0%
AdjaraGeorgia
0%
Mtskheta-MtianetiGeorgia
0%
Samtskhe-JavakhetiGeorgia
0%
ImeretiGeorgia
0%
SaarlandGermany
0%
BavariaGermany
0%
HamburgGermany
0%
ThuringiaGermany
0%
Rhineland-PalatinateGermany
0%
Mecklenburg-VorpommemGermany
0%
Schleswig-HolsteinGermany
0%
Western NorthGhana
0%
Upper WestGhana
0%
Greater AccraGhana
0%
VoltaGhana
0%
Bono EastGhana
0%
OtiGhana
0%
BronoGhana
0%
AhafoGhana
0%
Upper EastGhana
0%
North EastGhana
0%
SavannahGhana
0%
EpirusGreece
0%
South AegeanGreece
0%
Central GreeceGreece
0%
AtticaGreece
0%
Western GreeceGreece
0%
ThessalyGreece
0%
Carriacou and Petite MartiniqueGrenada
0%
JutiapaGuatemala
0%
Baja VerapazGuatemala
0%
ZacapaGuatemala
0%
RetalhuleuGuatemala
0%
QuetzaltenangoGuatemala
0%
IzabalGuatemala
0%
QuichéGuatemala
0%
ChimaltenangoGuatemala
0%
San MarcosGuatemala
0%
HuehuetenangoGuatemala
0%
GuatemalaGuatemala
0%
El ProgresoGuatemala
0%
SuchitepéquezGuatemala
0%
SololáGuatemala
0%
ChiquimulaGuatemala
0%
MamouGuinea
0%
ConakryGuinea
0%
NzérékoréGuinea
0%
BokéGuinea
0%
FaranahGuinea
0%
KankanGuinea
0%
LabéGuinea
0%
GabuGuinea-Bissau
0%
CacheuGuinea-Bissau
0%
TombaliGuinea-Bissau
0%
BafatáGuinea-Bissau
0%
OioGuinea-Bissau
0%
QuinaraGuinea-Bissau
0%
BolamaGuinea-Bissau
0%
BiomboGuinea-Bissau
0%
Pomeroon-SupenaamGuyana
0%
Potaro-SiparuniGuyana
0%
Mahaica-BerbiceGuyana
0%
East Berbice-CorentyneGuyana
0%
Coyuni-MazaruniGuyana
0%
Upper Takutu-Upper EssequiboGuyana
0%
Essequibo Islands-West DemeraraGuyana
0%
Barima-WainiGuyana
0%
Demerara-MahaicaGuyana
0%
NippesHaiti
0%
OuestHaiti
0%
Sud-EstHaiti
0%
Nord-EstHaiti
0%
Nort-OuestHaiti
0%
ArtiboniteHaiti
0%
Grand'AnseHaiti
0%
CopánHonduras
0%
El ParaísoHonduras
0%
CholutecaHonduras
0%
OlanchoHonduras
0%
ValleHonduras
0%
LempiraHonduras
0%
OcotepequeHonduras
0%
ComayaguaHonduras
0%
Santa BárbaraHonduras
0%
YoroHonduras
0%
IntibucáHonduras
0%
AtlántidaHonduras
0%
Gracias a DiosHonduras
0%
Francisco MorazánHonduras
0%
Komárom-EsztergomHungary
0%
BudapestHungary
0%
BaranyaHungary
0%
Szabolcs-Szatmár-BeregHungary
0%
HevesHungary
0%
SomogyHungary
0%
Borsod-Abaúj-ZemplénHungary
0%
Hajdú-BiharHungary
0%
CsongrádHungary
0%
Bács-KiskunHungary
0%
NógrádHungary
0%
VasHungary
0%
BékésHungary
0%
ZalaHungary
0%
FejérHungary
0%
TolnaHungary
0%
MosfellsbærIceland
0%
LanganesbyggðIceland
0%
VopnafjarðarhreppurIceland
0%
GarðabærIceland
0%
HornafjörðurIceland
0%
DalabyggðIceland
0%
EyjafjarðarsveitIceland
0%
VogarIceland
0%
NorðurþingIceland
0%
Eyja- og MiklaholtshreppurIceland
0%
BorgarfjarðarhreppurIceland
0%
HafnarfjörðurIceland
0%
AkureyriIceland
0%
ÖlfusIceland
0%
SnæfellsbærIceland
0%
ReykjavíkIceland
0%
KaldrananeshreppurIceland
0%
ÞingeyjarsveitIceland
0%
Rangárþing ytraIceland
0%
SkaftárhreppurIceland
0%
SkagafjörðurIceland
0%
Grímsnes- og GrafningshreppurIceland
0%
GrindavíkurbærIceland
0%
BolungarvíkIceland
0%
SkútustaðahreppurIceland
0%
GrundarfjarðarbærIceland
0%
GrýtubakkahreppurIceland
0%
SkorradalshreppurIceland
0%
SeltjarnarnesIceland
0%
Skeiða- og GnúpverjahreppurIceland
0%
TálknafjarðarhreppurIceland
0%
AkranesIceland
0%
BláskógabyggðIceland
0%
SuðurnesjabærIceland
0%
HrunamannahreppurIceland
0%
ÁrneshreppurIceland
0%
ÁrborgIceland
0%
ÁsahreppurIceland
0%
HúnavatnshreppurIceland
0%
SvalbarðshreppurIceland
0%
SvalbarðsstrandarhreppurIceland
0%
SúðavíkurhreppurIceland
0%
DjúpavogshreppurIceland
0%
FlóahreppurIceland
0%
FljótsdalshreppurIceland
0%
SeyðisfjörðurIceland
0%
FljótsdalshéraðIceland
0%
ÍsafjarðarbærIceland
0%
FjarðabyggðIceland
0%
Húnaþing vestraIceland
0%
HörgársveitIceland
0%
ReykhólahreppurIceland
0%
SkagaströndIceland
0%
MýrdalshreppurIceland
0%
VesturbyggðIceland
0%
PuducherryIndia
0%
Arunachal PradeshIndia
0%
OdishaIndia
0%
KeralaIndia
0%
West BengalIndia
0%
UttarakhandIndia
0%
LadakhIndia
0%
MeghalayaIndia
0%
HaryanaIndia
0%
AssamIndia
0%
LakshadweepIndia
0%
Dadra and Nagar HaveliIndia
0%
MizoramIndia
0%
ChhattisgarhIndia
0%
ChandigarhIndia
0%
NagalandIndia
0%
SikkimIndia
0%
Riau IslandsIndonesia
0%
North MalukuIndonesia
0%
LampungIndonesia
0%
Central KalimantanIndonesia
0%
AcehIndonesia
0%
North KalimantanIndonesia
0%
West SulawesiIndonesia
0%
BaliIndonesia
0%
West SumatraIndonesia
0%
East KalimantanIndonesia
0%
BantenIndonesia
0%
West PapuaIndonesia
0%
West KalimantanIndonesia
0%
PapuaIndonesia
0%
Special Capital Region of JakartaIndonesia
0%
Special Region of YogyakartaIndonesia
0%
MalukuIndonesia
0%
GorontaloIndonesia
0%
West JavaIndonesia
0%
JambiIndonesia
0%
BengkuluIndonesia
0%
South SulawesiIndonesia
0%
HamadanIran
0%
QomIran
0%
East AzerbaijanIran
0%
South KhorasanIran
0%
IsfahanIran
0%
MarkaziIran
0%
YazdIran
0%
West AzerbaijanIran
0%
AlborzIran
0%
Chahar Mahaal and BakhtiariIran
0%
SemnanIran
0%
MazandaranIran
0%
TehranIran
0%
BushehrIran
0%
KermanIran
0%
KermanshahIran
0%
North KhorasanIran
0%
GolestanIran
0%
KurdistanIran
0%
GilanIran
0%
Khorasan-e RazaviIran
0%
ZanjanIran
0%
KhuzestanIran
0%
QazvinIran
0%
Kohgiluyeh and Boyer-AhmadIran
0%
WasitIraq
0%
Al-QādisiyyahIraq
0%
NajafIraq
0%
ErbilIraq
0%
DuhokIraq
0%
SulaymaniyahIraq
0%
DiyalaIraq
0%
KarbalaIraq
0%
Dhi QarIraq
0%
NinevehIraq
0%
BabilIraq
0%
SaladinIraq
0%
HalabjaIraq
0%
MaysanIraq
0%
MuthannaIraq
0%
LimerickIreland
0%
WaterfordIreland
0%
MayoIreland
0%
LongfordIreland
0%
MeathIreland
0%
ClareIreland
0%
LouthIreland
0%
MonaghanIreland
0%
WexfordIreland
0%
RoscommonIreland
0%
GalwayIreland
0%
KildareIreland
0%
LaoisIreland
0%
TipperaryIreland
0%
WestmeathIreland
0%
CarlowIreland
0%
KilkennyIreland
0%
LeitrimIreland
0%
CavanIreland
0%
OffalyIreland
0%
DonegalIreland
0%
KerryIreland
0%
JerusalemIsrael
0%
Judea and Samaria AreaIsrael
0%
HaifaIsrael
0%
LazioItaly
0%
BasilicataItaly
0%
CampaniaItaly
0%
CalabriaItaly
0%
SardiniaItaly
0%
MarcheItaly
0%
UmbriaItaly
0%
WorobaIvory Coast
0%
DenguéléIvory Coast
0%
LacsIvory Coast
0%
LagunesIvory Coast
0%
ZanzanIvory Coast
0%
Vallée du BandamaIvory Coast
0%
Gôh-DjibouaIvory Coast
0%
YamoussoukroIvory Coast
0%
Sassandra-MarahouéIvory Coast
0%
Bas-SassandraIvory Coast
0%
MontagnesIvory Coast
0%
ComoéIvory Coast
0%
SavanesIvory Coast / Togo
0%
PortlandJamaica
0%
ClarendonJamaica
0%
Saint AnnJamaica
0%
WestmorelandJamaica
0%
ManchesterJamaica
0%
TrelawnyJamaica
0%
HanoverJamaica
0%
Saint ElizabethJamaica
0%
Saint CatherineJamaica
0%
YamaguchiJapan
0%
YamagataJapan
0%
FukuiJapan
0%
TochigiJapan
0%
EhimeJapan
0%
AkitaJapan
0%
KagoshimaJapan
0%
KagawaJapan
0%
MiyazakiJapan
0%
MiyagiJapan
0%
HiroshimaJapan
0%
NilgataJapan
0%
TottoriJapan
0%
ToyamaJapan
0%
KumamotoJapan
0%
ShigaJapan
0%
KanagawaJapan
0%
AomoriJapan
0%
OsakaJapan
0%
YamanashiJapan
0%
SagaJapan
0%
OkayamaJapan
0%
OkinawaJapan
0%
IbarakiJapan
0%
ShimaneJapan
0%
IshikawaJapan
0%
KōchiJapan
0%
ShizuokaJapan
0%
MieJapan
0%
GifuJapan
0%
NagasakiJapan
0%
BalqaJordan
0%
ZarqaJordan
0%
MadabaJordan
0%
AqabaJordan
0%
Ma'anJordan
0%
IrbidJordan
0%
TafilaJordan
0%
MafraqJordan
0%
KarakJordan
0%
JerashJordan
0%
AjlounJordan
0%
KyzylordaKazakhstan
0%
ShymkentKazakhstan
0%
AtyrauKazakhstan
0%
East KazakhstanKazakhstan
0%
AktobeKazakhstan
0%
TurkistanKazakhstan
0%
BaikonurKazakhstan
0%
Nur-SultanKazakhstan
0%
AkmolaKazakhstan
0%
PavlodarKazakhstan
0%
MangystauKazakhstan
0%
North KazakhstanKazakhstan
0%
JambylKazakhstan
0%
Tharaka-NithiKenya
0%
KituiKenya
0%
BometKenya
0%
Taita-TavetaKenya
0%
MakueniKenya
0%
IsioloKenya
0%
KisumuKenya
0%
MarsabitKenya
0%
KisiiKenya
0%
KirinyagaKenya
0%
KilifiKenya
0%
MeruKenya
0%
Homa BayKenya
0%
ManderaKenya
0%
SiayaKenya
0%
Trans-NzoiaKenya
0%
KiambuKenya
0%
KajiadoKenya
0%
KakamegaKenya
0%
SamburuKenya
0%
KerichoKenya
0%
Tana RiverKenya
0%
WajirKenya
0%
West PokotKenya
0%
NarokKenya
0%
LaikipiaKenya
0%
MachakosKenya
0%
KwaleKenya
0%
NyeriKenya
0%
GarissaKenya
0%
TurkanaKenya
0%
VihigaKenya
0%
Murang'aKenya
0%
BaringoKenya
0%
NyamiraKenya
0%
NyandaruaKenya
0%
Elgeyo-MarakwetKenya
0%
NakuruKenya
0%
BungomaKenya
0%
NairobiKenya
0%
NandiKenya
0%
EmbuKenya
0%
BusiaKenya / Uganda
0%
NonoutiKiribati
0%
MarakeiKiribati
0%
OnotoaKiribati
0%
AranukaKiribati
0%
BeruKiribati
0%
BetioKiribati
0%
KantonKiribati
0%
South TarawaKiribati
0%
TabuaeranKiribati
0%
ButaritariKiribati
0%
South TabiteueaKiribati
0%
AbaiangKiribati
0%
NikunauKiribati
0%
AbemamaKiribati
0%
TerainaKiribati
0%
North TabiteueaKiribati
0%
AroraeKiribati
0%
North TarawaKiribati
0%
MakinKiribati
0%
KuriaKiribati
0%
TamanaKiribati
0%
KiritimatiKiribati
0%
BanabaKiribati
0%
MaianaKiribati
0%
PristinaKosovo
0%
GjilanKosovo
0%
MitrovicaKosovo
0%
FerizajKosovo
0%
PećKosovo
0%
HawalliKuwait
0%
FarwaniyaKuwait
0%
AhmadiKuwait
0%
Al AsimahKuwait
0%
JahraKuwait
0%
Mubarak Al-KabeerKuwait
0%
Jalal-AbadKyrgyzstan
0%
OshKyrgyzstan
0%
BatkenKyrgyzstan
0%
ChuyKyrgyzstan
0%
NarynKyrgyzstan
0%
Issyk-KulKyrgyzstan
0%
TalasKyrgyzstan
0%
BishkekKyrgyzstan
0%
SavannakhetLaos
0%
Luang PrabangLaos
0%
BolikhamsaiLaos
0%
Luang NamthaLaos
0%
Hua PhanLaos
0%
Xieng KhouangLaos
0%
AttapeuLaos
0%
Vientiane ProvinceLaos
0%
OudomxayLaos
0%
ChampasakLaos
0%
SayaboulyLaos
0%
PhongsaliLaos
0%
BokeoLaos
0%
KhammouaneLaos
0%
SalavanLaos
0%
VecpiebalgaLatvia
0%
SiguldaLatvia
0%
DagdaLatvia
0%
ViļāniLatvia
0%
ĒrgļiLatvia
0%
OlaineLatvia
0%
DurbeLatvia
0%
VecumniekiLatvia
0%
EngureLatvia
0%
DaugavpilsLatvia
0%
GrobiņaLatvia
0%
SmilteneLatvia
0%
NeretaLatvia
0%
OzolniekiLatvia
0%
BaldoneLatvia
0%
MērsragsLatvia
0%
StrenčiLatvia
0%
BabīteLatvia
0%
AizputeLatvia
0%
AizkraukleLatvia
0%
SkrīveriLatvia
0%
TalsiLatvia
0%
DobeleLatvia
0%
GulbeneLatvia
0%
BalviLatvia
0%
AglonaLatvia
0%
SkrundaLatvia
0%
AuceLatvia
0%
GarkalneLatvia
0%
NaukšēniLatvia
0%
VentspilsLatvia
0%
BeverīnaLatvia
0%
AknīsteLatvia
0%
ViļakaLatvia
0%
BaltinavaLatvia
0%
NīcaLatvia
0%
DundagaLatvia
0%
PārgaujaLatvia
0%
IecavaLatvia
0%
RaunaLatvia
0%
BauskaLatvia
0%
VaiņodeLatvia
0%
LubānaLatvia
0%
RiebiņiLatvia
0%
RūjienaLatvia
0%
RundāleLatvia
0%
JūrmalaLatvia
0%
KrimuldaLatvia
0%
PreiļiLatvia
0%
KrāslavaLatvia
0%
ĀdažiLatvia
0%
LīgatneLatvia
0%
PriekuleLatvia
0%
PriekuļiLatvia
0%
MārupeLatvia
0%
ValkaLatvia
0%
KrustpilsLatvia
0%
RēzekneLatvia
0%
KandavaLatvia
0%
KokneseLatvia
0%
KārsavaLatvia
0%
KocēniLatvia
0%
CasvaineLatvia
0%
BrocēniLatvia
0%
ApeLatvia
0%
LiepājaLatvia
0%
ĶegumsLatvia
0%
ĶekavaLatvia
0%
SalaLatvia
0%
SalacgrīvaLatvia
0%
SaldusLatvia
0%
CarnikavaLatvia
0%
ValmieraLatvia
0%
AmataLatvia
0%
RucavaLatvia
0%
AlūksneLatvia
0%
IkšķileLatvia
0%
LīvāniLatvia
0%
TērveteLatvia
0%
TukumsLatvia
0%
RojaLatvia
0%
IlūksteLatvia
0%
AlsungaLatvia
0%
RopažiLatvia
0%
AlojaLatvia
0%
VārkavaLatvia
0%
MazsalacaLatvia
0%
ZilupeLatvia
0%
LielvārdeLatvia
0%
OgreLatvia
0%
RugājiLatvia
0%
LudzaLatvia
0%
VarakļāniLatvia
0%
SējaLatvia
0%
JelgavaLatvia
0%
LimbažiLatvia
0%
JaunpilsLatvia
0%
KuldīgaLatvia
0%
JaunpiebalgaLatvia
0%
JaunjelgavaLatvia
0%
CēsisLatvia
0%
BeirutLebanon
0%
NabatiehLebanon
0%
SouthLebanon
0%
AkkarLebanon
0%
NorthLebanon
0%
BeqaaLebanon
0%
Mount LebanonLebanon
0%
Butha-ButheLesotho
0%
Qacha's NekLesotho
0%
MafetengLesotho
0%
LeribeLesotho
0%
BereaLesotho
0%
Mohale's HoekLesotho
0%
MokhotlongLesotho
0%
Thaba-TsekaLesotho
0%
MargibiLiberia
0%
NimbaLiberia
0%
BomiLiberia
0%
GbarpoluLiberia
0%
BongLiberia
0%
Grand GedehLiberia
0%
LofaLiberia
0%
Grand Cape MountLiberia
0%
SinoeLiberia
0%
RivercessLiberia
0%
MontserradoLiberia
0%
MurqubLibya
0%
ButnanLibya
0%
Jabal al AkhdarLibya
0%
GhatLibya
0%
JafaraLibya
0%
NalutLibya
0%
Wadi al ShatiiLibya
0%
Jabal al GharbiLibya
0%
MisrataLibya
0%
JufraLibya
0%
Wadi al HayaaLibya
0%
Nuqat al KhamsLibya
0%
MurzuqLibya
0%
BenghaziLibya
0%
MarjLibya
0%
SirteLibya
0%
SabhaLibya
0%
Al WahatLibya
0%
TripoliLibya
0%
ZawiyaLibya
0%
DernaLibya
0%
TriesenLiechtenstein
0%
VaduzLiechtenstein
0%
GamprinLiechtenstein
0%
RuggellLiechtenstein
0%
MaurenLiechtenstein
0%
SchellenbergLiechtenstein
0%
PlankenLiechtenstein
0%
EschenLiechtenstein
0%
BalzersLiechtenstein
0%
TauragėLithuania
0%
KaunasLithuania
0%
MarijampolėLithuania
0%
AlytusLithuania
0%
VilniusLithuania
0%
ŠiauliaiLithuania
0%
PanevėžysLithuania
0%
ClervauxLuxembourg
0%
GrevenmacherLuxembourg
0%
RemichLuxembourg
0%
ViandenLuxembourg
0%
DiekirchLuxembourg
0%
Esch-sur-AlzetteLuxembourg
0%
EchternachLuxembourg
0%
CapellenLuxembourg
0%
MerschLuxembourg
0%
WiltzLuxembourg
0%
Amoron'i ManiaMadagascar
0%
Atsimo-AndrefanaMadagascar
0%
AnalamangaMadagascar
0%
VakinankaratraMadagascar
0%
IhorombeMadagascar
0%
MelakyMadagascar
0%
Atsimo-AtsinananaMadagascar
0%
ItasyMadagascar
0%
AtsinananaMadagascar
0%
Matsiatra AmbonyMadagascar
0%
Vatovavy-FitovinanyMadagascar
0%
SavaMadagascar
0%
BoenyMadagascar
0%
BetsibokaMadagascar
0%
AnosyMadagascar
0%
Alaotra-MangoroMadagascar
0%
MenabeMadagascar
0%
AndroyMadagascar
0%
DianaMadagascar
0%
BongolavaMadagascar
0%
Perak Darul RidzuanMalaysia
0%
Negeri Sembilan Darul KhususMalaysia
0%
Kuala LumpurMalaysia
0%
SabahMalaysia
0%
Kelantan Darul NaimMalaysia
0%
Selangor Darul EhsanMalaysia
0%
LabuanMalaysia
0%
Kedah Darul AmanMalaysia
0%
ThaaMaldives
0%
NoonuMaldives
0%
VaavuMaldives
0%
DhaaluMaldives
0%
Haa AlifMaldives
0%
RaaMaldives
0%
Gaafu DhaaluMaldives
0%
Gaafu AlifMaldives
0%
LaamuMaldives
0%
ShaviyaniMaldives
0%
LhaviyaniMaldives
0%
Alif AlifMaldives
0%
Alif DhaalMaldives
0%
MeemuMaldives
0%
GnaviyaniMaldives
0%
SeenuMaldives
0%
BaaMaldives
0%
KaafuMaldives
0%
MaléMaldives
0%
SégouMali
0%
KoulikoroMali
0%
MoptiMali
0%
KayesMali
0%
GaoMali
0%
KidalMali
0%
SikassoMali
0%
TombouctouMali
0%
GozoMalta
0%
South EasternMalta
0%
Wotje AtollMarshall Islands
0%
Ailinglaplap AtollMarshall Islands
0%
Namorik AtollMarshall Islands
0%
Arno AtollMarshall Islands
0%
Mili AtollMarshall Islands
0%
Maloelap AtollMarshall Islands
0%
Ebon AtollMarshall Islands
0%
Majuro AtollMarshall Islands
0%
Namu AtollMarshall Islands
0%
Aur AtollMarshall Islands
0%
Utirik AtollMarshall Islands
0%
Enewetok AtollMarshall Islands
0%
Ailuk AtollMarshall Islands
0%
Likiep AtollMarshall Islands
0%
Kwajalein AtollMarshall Islands
0%
Lib IslandMarshall Islands
0%
Rongelap AtollMarshall Islands
0%
Jaluit AtollMarshall Islands
0%
Mejit IslandMarshall Islands
0%
Jabat IslandMarshall Islands
0%
Ujae AtollMarshall Islands
0%
Wotho AtollMarshall Islands
0%
AssabaMauritania
0%
Tiris ZemmourMauritania
0%
Hodh El GharbiMauritania
0%
Hodh Ech CharguiMauritania
0%
Dakhlet NouadhibouMauritania
0%
InchiriMauritania
0%
BraknaMauritania
0%
TagantMauritania
0%
GorgolMauritania
0%
TrarzaMauritania
0%
Nouakchott-NordMauritania
0%
AgalégaMauritius
0%
St. BrandonMauritius
0%
RodriguesMauritius
0%
Chagos ArchipelagoMauritius
0%
GuerreroMexico
0%
Mexico CityMexico
0%
CoahuilaMexico
0%
Nuevo LeónMexico
0%
ColimaMexico
0%
MéxicoMexico
0%
AguascalientesMexico
0%
HidalgoMexico
0%
NayaritMexico
0%
JaliscoMexico
0%
ChiapasMexico
0%
Quintana RooMexico
0%
OaxacaMexico
0%
TlaxcalaMexico
0%
MorelosMexico
0%
Baja California NorteMexico
0%
San Luis PotosíMexico
0%
ZacatecasMexico
0%
RîșcaniMoldova
0%
RezinaMoldova
0%
LeovaMoldova
0%
UngheniMoldova
0%
Anenii NoiMoldova
0%
CahulMoldova
0%
BriceniMoldova
0%
CăușeniMoldova
0%
CimișliaMoldova
0%
OrheiMoldova
0%
CriuleniMoldova
0%
TaracliaMoldova
0%
GlodeniMoldova
0%
IaloveniMoldova
0%
SîngereiMoldova
0%
ȘoldăneștiMoldova
0%
FloreștiMoldova
0%
DubăsariMoldova
0%
BasarabeascaMoldova
0%
EdinețMoldova
0%
HînceștiMoldova
0%
Ștefan VodăMoldova
0%
TeleneștiMoldova
0%
StrășeniMoldova
0%
SorocaMoldova
0%
CălărașiMoldova / Romania
0%
Darkhan-UulMongolia
0%
GovisumberMongolia
0%
SukhbaatarMongolia
0%
KhentiiMongolia
0%
Govi-AltaiMongolia
0%
ArkhangaiMongolia
0%
KhovdMongolia
0%
SelengeMongolia
0%
DornodMongolia
0%
TuvMongolia
0%
DornogoviMongolia
0%
UvurkhangaiMongolia
0%
UvsMongolia
0%
DundgoviMongolia
0%
BayankhongorMongolia
0%
Bayan-UlgiiMongolia
0%
ZavkhanMongolia
0%
KhuvsgulMongolia
0%
TuziMontenegro
0%
AndrijevicaMontenegro
0%
UlcinjMontenegro
0%
KotorMontenegro
0%
BudvaMontenegro
0%
KolašinMontenegro
0%
PljevljaMontenegro
0%
TivatMontenegro
0%
BeraneMontenegro
0%
ŠavnikMontenegro
0%
PetnjicaMontenegro
0%
DanilovgradMontenegro
0%
ŽabljakMontenegro
0%
Herceg NoviMontenegro
0%
MojkovacMontenegro
0%
Bijelo PoljeMontenegro
0%
GusinjeMontenegro
0%
NikšićMontenegro
0%
PlužineMontenegro
0%
PlavMontenegro
0%
Béni Mellal-KhénifraMorocco
0%
Dakhla-Oued Ed-DahabMorocco
0%
Guelmim-Oued NounMorocco
0%
Souss-MassaMorocco
0%
L'OrientalMorocco
0%
Marrakech-SafiMorocco
0%
Drâa-TafilaletMorocco
0%
Rabat-Salé-KénitraMorocco
0%
Fès-MeknèsMorocco
0%
InhambaneMozambique
0%
NiassaMozambique
0%
TeteMozambique
0%
ManicaMozambique
0%
GazaMozambique
0%
NampulaMozambique
0%
ZambeziaMozambique
0%
MaputoMozambique
0%
Maputo CityMozambique
0%
SofalaMozambique
0%
Cabo DelgadoMozambique
0%
MonMyanmar
0%
YangonMyanmar
0%
AyeyarwadyMyanmar
0%
MagwayMyanmar
0%
KayahMyanmar
0%
SagaingMyanmar
0%
TanintharyiMyanmar
0%
BagoMyanmar
0%
MandalayMyanmar
0%
NaypyidawMyanmar
0%
OmahekeNamibia
0%
OshanaNamibia
0%
OtjozondjupaNamibia
0%
ZambeziNamibia
0%
OmusatiNamibia
0%
OhangwenaNamibia
0%
||KarasNamibia
0%
Kavango WestNamibia
0%
HardapNamibia
0%
Kavango EastNamibia
0%
KuneneNamibia
0%
KhomasNamibia
0%
ErongoNamibia
0%
AnetanNauru
0%
IjuwNauru
0%
NibokNauru
0%
AnabarNauru
0%
BoeNauru
0%
DenigomoduNauru
0%
AiwoNauru
0%
UaboeNauru
0%
BuadaNauru
0%
YarenNauru
0%
AnibareNauru
0%
BaitsiNauru
0%
EwaNauru
0%
MenengNauru
0%
Gandaki PradeshNepal
0%
Province No. 2Nepal
0%
Sudurpashchim PradeshNepal
0%
Province No. 5Nepal
0%
Province No. 3Nepal
0%
GroningenNetherlands
0%
LimburgNetherlands
0%
UtrechtNetherlands
0%
OverjisselNetherlands
0%
SabaNetherlands
0%
ZeelandNetherlands
0%
Sint EustasiusNetherlands
0%
CuraçaoNetherlands
0%
BonaireNetherlands
0%
ArubaNetherlands
0%
DrentheNetherlands
0%
South HollandNetherlands
0%
TaranakiNew Zealand
0%
WaikatoNew Zealand
0%
OtagoNew Zealand
0%
AucklandNew Zealand
0%
NelsonNew Zealand
0%
TokelauNew Zealand
0%
NorthlandNew Zealand
0%
GisborneNew Zealand
0%
CanterburyNew Zealand
0%
Manawatu-WanganuiNew Zealand
0%
Hawke's BayNew Zealand
0%
SouthlandNew Zealand
0%
West CoastNew Zealand
0%
EstelíNicaragua
0%
MadrizNicaragua
0%
ManaguaNicaragua
0%
Río San JuanNicaragua
0%
RivasNicaragua
0%
MatagalpaNicaragua
0%
South Caribbean Coast RegionNicaragua
0%
JinotegaNicaragua
0%
MasayaNicaragua
0%
BoacoNicaragua
0%
ChinandegaNicaragua
0%
ChontalesNicaragua
0%
GranadaNicaragua
0%
CarazoNicaragua
0%
TahouaNiger
0%
DiffaNiger
0%
TillabériNiger
0%
DossoNiger
0%
MaradiNiger
0%
ZinderNiger
0%
YobeNigeria
0%
ImoNigeria
0%
OsunNigeria
0%
OyoNigeria
0%
BenueNigeria
0%
JigawaNigeria
0%
Akwa IbomNigeria
0%
BornoNigeria
0%
TarabaNigeria
0%
LagosNigeria
0%
EbonyiNigeria
0%
KebbiNigeria
0%
BayelsaNigeria
0%
OndoNigeria
0%
NigerNigeria
0%
EdoNigeria
0%
KwaraNigeria
0%
EnuguNigeria
0%
RiversNigeria
0%
KogiNigeria
0%
BauchiNigeria
0%
GombeNigeria
0%
SokotoNigeria
0%
AbiaNigeria
0%
AnambraNigeria
0%
KanoNigeria
0%
Federal Capital TerritoryNigeria
0%
Cross RiverNigeria
0%
KatsinaNigeria
0%
ChagangNorth Korea
0%
North HamgyongNorth Korea
0%
North HwanghaeNorth Korea
0%
RasonNorth Korea
0%
North PyonganNorth Korea
0%
South HamgyongNorth Korea
0%
South HwanghaeNorth Korea
0%
Gazi BabaNorth Macedonia
0%
Staro NagoričaneNorth Macedonia
0%
GradskoNorth Macedonia
0%
StrugaNorth Macedonia
0%
GevgelijaNorth Macedonia
0%
ŠtipNorth Macedonia
0%
DolneniNorth Macedonia
0%
BosilovoNorth Macedonia
0%
Mavrovo and RostušaNorth Macedonia
0%
Sveti NikoleNorth Macedonia
0%
PehčevoNorth Macedonia
0%
MogilaNorth Macedonia
0%
Gjorče PetrovNorth Macedonia
0%
ProbištipNorth Macedonia
0%
PetrovecNorth Macedonia
0%
GostivarNorth Macedonia
0%
Šuto OrizariNorth Macedonia
0%
DojranNorth Macedonia
0%
ValandovoNorth Macedonia
0%
KočaniNorth Macedonia
0%
Makedonska KamenicaNorth Macedonia
0%
KumanovoNorth Macedonia
0%
KarbinciNorth Macedonia
0%
Demir KapijaNorth Macedonia
0%
ZelenikovoNorth Macedonia
0%
TearceNorth Macedonia
0%
KarpošNorth Macedonia
0%
VevčaniNorth Macedonia
0%
ŽelinoNorth Macedonia
0%
KavadarciNorth Macedonia
0%
VrapčišteNorth Macedonia
0%
ČairNorth Macedonia
0%
RosomanNorth Macedonia
0%
OhridNorth Macedonia
0%
KruševoNorth Macedonia
0%
VelesNorth Macedonia
0%
KrivogaštaniNorth Macedonia
0%
Kriva PalankaNorth Macedonia
0%
Češinovo-ObleševoNorth Macedonia
0%
KratovoNorth Macedonia
0%
KičevoNorth Macedonia
0%
CentarNorth Macedonia
0%
NovaciNorth Macedonia
0%
VinicaNorth Macedonia
0%
Novo SeloNorth Macedonia
0%
ZrnovciNorth Macedonia
0%
Kisela VodaNorth Macedonia
0%
KončeNorth Macedonia
0%
ResenNorth Macedonia
0%
BrvenicaNorth Macedonia
0%
NegotinoNorth Macedonia
0%
VasilevoNorth Macedonia
0%
Demir HisarNorth Macedonia
0%
BogovinjeNorth Macedonia
0%
BogdanciNorth Macedonia
0%
DelčevoNorth Macedonia
0%
AračinovoNorth Macedonia
0%
DebarcaNorth Macedonia
0%
DebarNorth Macedonia
0%
RadovišNorth Macedonia
0%
IlindenNorth Macedonia
0%
BitolaNorth Macedonia
0%
SarajNorth Macedonia
0%
RankovceNorth Macedonia
0%
ButelNorth Macedonia
0%
AerodromNorth Macedonia
0%
Čučer-SandevoNorth Macedonia
0%
BerovoNorth Macedonia
0%
LipkovoNorth Macedonia
0%
Bouvet IslandNorway
0%
FinnmarkNorway
0%
Aust-AdgerNorway
0%
VestfoldNorway
0%
Vest-AdgerNorway
0%
Møre og RomsdalNorway
0%
ØstfoldNorway
0%
NordlandNorway
0%
OpplandNorway
0%
Jan MayenNorway
0%
TelemarkNorway
0%
BuskerudNorway
0%
MusandamOman
0%
Ad DakhiliyahOman
0%
Ad DhahirahOman
0%
Al BatinahOman
0%
Ash SharqiyahOman
0%
DhofarOman
0%
BalochistanPakistan
0%
SindhPakistan
0%
Khyber PakhtunhwaPakistan
0%
Islamabad Capital TerritoryPakistan
0%
Gilgit-BaltistanPakistan
0%
NgatpangPalau
0%
AiraiPalau
0%
NgaraardPalau
0%
NgardmauPalau
0%
KororPalau
0%
AimeliikPalau
0%
MelekeokPalau
0%
NgchesarPalau
0%
NgiwalPalau
0%
NgarchelongPalau
0%
HatohobeiPalau
0%
SonsorolPalau
0%
KayangelPalau
0%
AngaurPalau
0%
CocléPanama
0%
Bocas del ToroPanama
0%
Los SantosPanama
0%
Panamá OestePanama
0%
EmberáPanama
0%
DarlénPanama
0%
ChiriquíPanama
0%
Guna YalaPanama
0%
VeraguasPanama
0%
Ngäbe-BugléPanama
0%
HerreraPanama
0%
ManusPapua New Guinea
0%
ChimbuPapua New Guinea
0%
West New BritainPapua New Guinea
0%
Western HighlandsPapua New Guinea
0%
Southern HighlandsPapua New Guinea
0%
MadangPapua New Guinea
0%
BougainvillePapua New Guinea
0%
Port MoresbyPapua New Guinea
0%
OroPapua New Guinea
0%
MorobePapua New Guinea
0%
Milne BayPapua New Guinea
0%
EngaPapua New Guinea
0%
GulfPapua New Guinea
0%
East New BritainPapua New Guinea
0%
Eastern HighlandsPapua New Guinea
0%
JiwakaPapua New Guinea
0%
HelaPapua New Guinea
0%
SandaunPapua New Guinea
0%
New IrelandPapua New Guinea
0%
ParaguaríParaguay
0%
Alto ParanáParaguay
0%
Presidente HayesParaguay
0%
Distrito CapitalParaguay
0%
CanindeyúParaguay
0%
CaaguazúParaguay
0%
AmambayParaguay
0%
ÑeembucúParaguay
0%
San PedroParaguay
0%
CaazapáParaguay
0%
TumbesPeru
0%
LimaPeru
0%
CuscoPeru
0%
LambayequePeru
0%
TacnaPeru
0%
PunoPeru
0%
LoretoPeru
0%
Madre de DiosPeru
0%
IcaPeru
0%
ArequipaPeru
0%
HuancavelicaPeru
0%
CajamarcaPeru
0%
PascoPeru
0%
AncashPeru
0%
PiuraPeru
0%
MoqueguaPeru
0%
SoccsksargenPhilippines
0%
Eastern VisayasPhilippines
0%
Central LuzonPhilippines
0%
Zomboanga PeninsulaPhilippines
0%
CaragaPhilippines
0%
Southern Tagalog MainlandPhilippines
0%
Cagayan ValleyPhilippines
0%
Western VisayasPhilippines
0%
Central VisayasPhilippines
0%
Lower SilesianPoland
0%
LubuszPoland
0%
Holy CrossPoland
0%
PomeranianPoland
0%
Warmian-MasurianPoland
0%
Lesser PolandPoland
0%
MasovianPoland
0%
SubcarpathianPoland
0%
SilesianPoland
0%
BragaPortugal
0%
Vila RealPortugal
0%
SantarémPortugal
0%
Viana do CasteloPortugal
0%
PortoPortugal
0%
AveiroPortugal
0%
SetúbalPortugal
0%
ÉvoraPortugal
0%
Castelo BrancoPortugal
0%
GuardaPortugal
0%
FaroPortugal
0%
ViseuPortugal
0%
BejaPortugal
0%
Umm SalalQatar
0%
Ad DawhahQatar
0%
Al DaayenQatar
0%
Al-ShahaniyaQatar
0%
Al RayyanQatar
0%
Al KhorQatar
0%
Al WakrahQatar
0%
PoolRepublic of the Congo
0%
NiariRepublic of the Congo
0%
BrazzavilleRepublic of the Congo
0%
LékoumouRepublic of the Congo
0%
Pointe-NoireRepublic of the Congo
0%
CuvetteRepublic of the Congo
0%
KouilouRepublic of the Congo
0%
LikoualaRepublic of the Congo
0%
SanghaRepublic of the Congo
0%
BouenzaRepublic of the Congo
0%
PlateauxRepublic of the Congo / Togo
0%
NeamțRomania
0%
ConstanțaRomania
0%
Satu MareRomania
0%
VranceaRomania
0%
BuzăuRomania
0%
GalațiRomania
0%
BacăuRomania
0%
VasluiRomania
0%
TimișRomania
0%
CovasnaRomania
0%
Bistrița-NăsăudRomania
0%
BihorRomania
0%
PrahovaRomania
0%
MureșRomania
0%
GiurgiuRomania
0%
GorjRomania
0%
OltRomania
0%
AradRomania
0%
SuceavaRomania
0%
HunedoaraRomania
0%
TulceaRomania
0%
IalomițaRomania
0%
IașiRomania
0%
ArgeșRomania
0%
SălajRomania
0%
ClujRomania
0%
AlbaRomania
0%
TeleormanRomania
0%
DâmbovițaRomania
0%
IlfovRomania
0%
BrăilaRomania
0%
DoljRomania
0%
HarghitaRomania
0%
VologdaRussia
0%
KhakassiaRussia
0%
RyazanRussia
0%
KurskRussia
0%
KomiRussia
0%
VolgogradRussia
0%
KareliaRussia
0%
OmskRussia
0%
KostromaRussia
0%
RostovRussia
0%
KrasnoyarskRussia
0%
KhabarovskRussia
0%
SamaraRussia
0%
North Ossetia-AlaniaRussia
0%
BashkortostanRussia
0%
KirovRussia
0%
VoronezhRussia
0%
IngushetiaRussia
0%
PenzaRussia
0%
AltaiRussia
0%
PermRussia
0%
PskovRussia
0%
TulaRussia
0%
SverdlovskRussia
0%
TambovRussia
0%
IrkutskRussia
0%
Mari ElRussia
0%
BryanskRussia
0%
TyumenRussia
0%
DagestanRussia
0%
TatarstanRussia
0%
UlyanovskRussia
0%
MagadanRussia
0%
AmurRussia
0%
ZabaykalskyRussia
0%
OryolRussia
0%
LeningradRussia
0%
PrimorskyRussia
0%
StavropolRussia
0%
MordoviaRussia
0%
BelgorodRussia
0%
AdygeaRussia
0%
KalugaRussia
0%
SaratovRussia
0%
NenetsRussia
0%
KigaliRwanda
0%
Saint KittsSaint Kitts and Nevis
0%
CanariesSaint Lucia
0%
DennerySaint Lucia
0%
SoufrièreSaint Lucia
0%
Anse la RayeSaint Lucia
0%
Gros IsletSaint Lucia
0%
CastriesSaint Lucia
0%
LaborieSaint Lucia
0%
Forest ReserveSaint Lucia
0%
Vieux FortSaint Lucia
0%
MicoudSaint Lucia
0%
CharlotteSaint Vincent
0%
GrenadinesSaint Vincent
0%
Va'a-o-FonotiSamoa
0%
PalauliSamoa
0%
VaisiganoSamoa
0%
Gaga'emaugaSamoa
0%
Satupa'iteaSamoa
0%
AtuaSamoa
0%
Fa'asaleleagaSamoa
0%
TuamasagaSamoa
0%
Aiga-i-le-TaiSamoa
0%
A'anaSamoa
0%
Gaga'ifomaugaSamoa
0%
Borgo MaggioreSan Marino
0%
SerravalleSan Marino
0%
DomagnanoSan Marino
0%
San MarinoSan Marino
0%
AcquavivaSan Marino
0%
ChiesanuovaSan Marino
0%
FaetanoSan Marino
0%
CauéSao Tome and Principe
0%
Mé-ZóchiSao Tome and Principe
0%
CantagaloSao Tome and Principe
0%
LembáSao Tome and Principe
0%
Água GrandeSao Tome and Principe
0%
TabukSaudi Arabia
0%
JawfSaudi Arabia
0%
BahahSaudi Arabia
0%
AsirSaudi Arabia
0%
JizanSaudi Arabia
0%
RiyadhSaudi Arabia
0%
MadimahSaudi Arabia
0%
Northern BordersSaudi Arabia
0%
NajranSaudi Arabia
0%
QassimSaudi Arabia
0%
MakkahSaudi Arabia
0%
Ha'ilSaudi Arabia
0%
TambacoundaSenegal
0%
Saint-LouisSenegal
0%
DakarSenegal
0%
DiourbelSenegal
0%
SédhiouSenegal
0%
FatickSenegal
0%
KaffrineSenegal
0%
KaolackSenegal
0%
ThièsSenegal
0%
KédougouSenegal
0%
KoldaSenegal
0%
MatamSenegal
0%
ZiguinchorSenegal
0%
LougaSenegal
0%
North BanatSerbia
0%
RasinaSerbia
0%
BorSerbia
0%
ZlatiborSerbia
0%
PodunavljeSerbia
0%
BraničevoSerbia
0%
SremSerbia
0%
RaškaSerbia
0%
JablanicaSerbia
0%
PirotSerbia
0%
ToplicaSerbia
0%
MačvaSerbia
0%
PomoravljeSerbia
0%
South BačkaSerbia
0%
South BanatSerbia
0%
PčinjaSerbia
0%
KolubaraSerbia
0%
ZaječarSerbia
0%
CascadeSeychelles
0%
GlacisSeychelles
0%
Roche CaïmanSeychelles
0%
Bel AirSeychelles
0%
PlaisanceSeychelles
0%
Au CapSeychelles
0%
La Digue and Inner IslandsSeychelles
0%
Les MamellesSeychelles
0%
Port GlaudSeychelles
0%
Beau VallonSeychelles
0%
Bel OmbreSeychelles
0%
TakamakaSeychelles
0%
Pointe La RueSeychelles
0%
Anse EtoileSeychelles
0%
Saint LouisSeychelles
0%
Baie LazareSeychelles
0%
Mont BuxtonSeychelles
0%
Baie Sainte AnneSeychelles
0%
Mont FleuriSeychelles
0%
Anse RoyaleSeychelles
0%
Anse BoileauSeychelles
0%
Outer IslandsSeychelles
0%
English RiverSeychelles
0%
Grand'Anse PraslinSeychelles
0%
Port LokoSierra Leone
0%
KallahunSierra Leone
0%
BombaliSierra Leone
0%
BontheSierra Leone
0%
PujehunSierra Leone
0%
Western Area RuralSierra Leone
0%
BoSierra Leone
0%
Western Area UrbanSierra Leone
0%
KambiaSierra Leone
0%
KoinaduguSierra Leone
0%
MoyembaSierra Leone
0%
KonoSierra Leone
0%
TonkoliliSierra Leone
0%
KenemaSierra Leone
0%
Nitra RegionSlovakia
0%
Banská Bystrica RegionSlovakia
0%
Košice RegionSlovakia
0%
Prešov RegionSlovakia
0%
Trnava RegionSlovakia
0%
ČrnomeljSlovenia
0%
MakoleSlovenia
0%
ApačeSlovenia
0%
OsilnicaSlovenia
0%
Dolenjske TopliceSlovenia
0%
Dol pri LjubljaniSlovenia
0%
StaršeSlovenia
0%
Dobrova-Polhov GradecSlovenia
0%
PodvelkaSlovenia
0%
NazarjeSlovenia
0%
BohinjSlovenia
0%
DobrnaSlovenia
0%
DobrepoljeSlovenia
0%
DobjeSlovenia
0%
AnkaranSlovenia
0%
ŽalecSlovenia
0%
Središče ob DraviSlovenia
0%
MislinjaSlovenia
0%
BorovnicaSlovenia
0%
PuconciSlovenia
0%
Črna na KoroškemSlovenia
0%
StražaSlovenia
0%
ČrenšovciSlovenia
0%
ŽeleznikiSlovenia
0%
Radlje ob DraviSlovenia
0%
DuplekSlovenia
0%
RadenciSlovenia
0%
IgSlovenia
0%
BlokeSlovenia
0%
DornavaSlovenia
0%
PesnicaSlovenia
0%
OplotnicaSlovenia
0%
RadečeSlovenia
0%
Rače–FramSlovenia
0%
LučeSlovenia
0%
Moravske TopliceSlovenia
0%
LukovicaSlovenia
0%
DravogradSlovenia
0%
TržičSlovenia
0%
HrastnikSlovenia
0%
HorjulSlovenia
0%
DomžaleSlovenia
0%
TrzinSlovenia
0%
HodošSlovenia
0%
OrmožSlovenia
0%
Mirna PečSlovenia
0%
PtujSlovenia
0%
Škofja LokaSlovenia
0%
MariborSlovenia
0%
MežicaSlovenia
0%
BovecSlovenia
0%
KočevjeSlovenia
0%
MutaSlovenia
0%
PiranSlovenia
0%
PivkaSlovenia
0%
Miklavž na Dravskem PoljuSlovenia
0%
PostojnaSlovenia
0%
Murska SobotaSlovenia
0%
DestrnikSlovenia
0%
TurniščeSlovenia
0%
BraslovčeSlovenia
0%
Gorenja Vas-PoljaneSlovenia
0%
MetlikaSlovenia
0%
BrezovicaSlovenia
0%
MengešSlovenia
0%
BrežiceSlovenia
0%
PodčetrtekSlovenia
0%
Sveti TomažSlovenia
0%
BrdaSlovenia
0%
PolzelaSlovenia
0%
TaborSlovenia
0%
PoljčaneSlovenia
0%
MozirjeSlovenia
0%
Ilirska BistricaSlovenia
0%
SolčavaSlovenia
0%
Zagorje ob SaviSlovenia
0%
NakloSlovenia
0%
MedvodeSlovenia
0%
ŠkofljicaSlovenia
0%
GrosupljeSlovenia
0%
MarkovciSlovenia
0%
Slovenj GradecSlovenia
0%
Slovenska BistricaSlovenia
0%
Slovenske KonjiceSlovenia
0%
Šmarje pri JelšahSlovenia
0%
Šmarješke TopliceSlovenia
0%
MirnaSlovenia
0%
Šmartno pri LitijiSlovenia
0%
GradSlovenia
0%
GorišnicaSlovenia
0%
Miren-KostanjevicaSlovenia
0%
PrevaljeSlovenia
0%
Sveta AnaSlovenia
0%
PreddvorSlovenia
0%
PreboldSlovenia
0%
SodražicaSlovenia
0%
DivačaSlovenia
0%
Gornji GradSlovenia
0%
Gornja RadgonaSlovenia
0%
GorjeSlovenia
0%
Sveti Jurij v Slovenskih GoricahSlovenia
0%
RadovljicaSlovenia
0%
Mokronog-TrebelnoSlovenia
0%
RogašovciSlovenia
0%
ZrečeSlovenia
0%
VrhnikaSlovenia
0%
RušeSlovenia
0%
Novo MestoSlovenia
0%
Kranjska GoraSlovenia
0%
Log-DragomerSlovenia
0%
CankovaSlovenia
0%
LogatecSlovenia
0%
KriževciSlovenia
0%
KamnikSlovenia
0%
KidričevoSlovenia
0%
KuzmaSlovenia
0%
Ravne na KoroškemSlovenia
0%
CirkulaneSlovenia
0%
ŽužemberkSlovenia
0%
KostelSlovenia
0%
JuršinciSlovenia
0%
Velike LaščeSlovenia
0%
Kostanjevica na KrkiSlovenia
0%
VranskoSlovenia
0%
RibnicaSlovenia
0%
Ribnica na PohorjuSlovenia
0%
Renče–VogrskoSlovenia
0%
BenediktSlovenia
0%
TolminSlovenia
0%
TrbovljeSlovenia
0%
LitijaSlovenia
0%
Rečica ob SavinjiSlovenia
0%
CerknicaSlovenia
0%
LjubnoSlovenia
0%
TrebnjeSlovenia
0%
KrškoSlovenia
0%
OdranciSlovenia
0%
Velika PolanaSlovenia
0%
KungotaSlovenia
0%
JezerskoSlovenia
0%
JeseniceSlovenia
0%
Cerklje na GorenjskemSlovenia
0%
KomenSlovenia
0%
Bistrica ob SotliSlovenia
0%
ŠentjernejSlovenia
0%
ŠentjurSlovenia
0%
ŠentrupertSlovenia
0%
Ivančna GoricaSlovenia
0%
Loški PotokSlovenia
0%
ŽirovnicaSlovenia
0%
CeljeSlovenia
0%
Lovrenc na PohorjuSlovenia
0%
KobaridSlovenia
0%
CerknoSlovenia
0%
KobiljeSlovenia
0%
SežanaSlovenia
0%
VitanjeSlovenia
0%
VeržejSlovenia
0%
KomendaSlovenia
0%
VipavaSlovenia
0%
CerkvenjakSlovenia
0%
VidemSlovenia
0%
BeltinciSlovenia
0%
KanalSlovenia
0%
KoperSlovenia
0%
VojnikSlovenia
0%
LenartSlovenia
0%
LendavaSlovenia
0%
VuzenicaSlovenia
0%
Loška DolinaSlovenia
0%
SemičSlovenia
0%
IzolaSlovenia
0%
Šempeter-VrtojbaSlovenia
0%
ŠenčurSlovenia
0%
Rennell and BellonaSolomon Islands
0%
ChoiseulSolomon Islands
0%
IsabelSolomon Islands
0%
GuadalcanalSolomon Islands
0%
TemotuSolomon Islands
0%
Makira-UlawaSolomon Islands
0%
Capital TerritorySolomon Islands
0%
MalaitaSolomon Islands
0%
MudugSomalia
0%
BaySomalia
0%
Middle JubaSomalia
0%
Lower ShebelleSomalia
0%
AwdalSomalia
0%
BakoolSomalia
0%
SanaagSomalia
0%
HiranSomalia
0%
TogdheerSomalia
0%
BanaadirSomalia
0%
BariSomalia
0%
GalguduudSomalia
0%
NugalSomalia
0%
GedoSomalia
0%
Woqooyi GalbeedSomalia
0%
SoolSomalia
0%
Middle ShebelleSomalia
0%
North WestSouth Africa
0%
GautengSouth Africa
0%
Western CapeSouth Africa
0%
Eastern CapeSouth Africa
0%
MpumalangaSouth Africa
0%
KwaZulu-NatalSouth Africa
0%
GangwonSouth Korea
0%
BusanSouth Korea
0%
GwangjuSouth Korea
0%
DaejeonSouth Korea
0%
DaeguSouth Korea
0%
UlsanSouth Korea
0%
North JeoliaSouth Korea
0%
North GyeongsangSouth Korea
0%
JejuSouth Korea
0%
SejongSouth Korea
0%
South JeoliaSouth Korea
0%
AmadiSouth Sudan
0%
Eastern LakesSouth Sudan
0%
AweilSouth Sudan
0%
Northern LiechSouth Sudan
0%
TwicSouth Sudan
0%
RuwengSouth Sudan
0%
TonjSouth Sudan
0%
Southern LiechSouth Sudan
0%
FangakSouth Sudan
0%
FashodaSouth Sudan
0%
Aweil EastSouth Sudan
0%
ImatongSouth Sudan
0%
LatjorSouth Sudan
0%
GbudweSouth Sudan
0%
GokSouth Sudan
0%
JongleiSouth Sudan
0%
TerekekaSouth Sudan
0%
JubekSouth Sudan
0%
MaiwutSouth Sudan
0%
MaridiSouth Sudan
0%
TamburaSouth Sudan
0%
AkoboSouth Sudan
0%
LolSouth Sudan
0%
Western LakesSouth Sudan
0%
BlehSouth Sudan
0%
KapoetaSouth Sudan
0%
BomaSouth Sudan
0%
GogrialSouth Sudan
0%
Yei RiverSouth Sudan
0%
Central Upper NileSouth Sudan
0%
WauSouth Sudan
0%
AragonSpain
0%
Balearic IslandsSpain
0%
Basque Autonomus CommunitySpain
0%
ExtremaduraSpain
0%
Valencian CommunitySpain
0%
Region of MurciaSpain
0%
Chartered Community of NavarreSpain
0%
GaliciaSpain
0%
AndalusiaSpain
0%
Castile and LeónSpain
0%
CantabriaSpain
0%
MelillaSpain
0%
CeutaSpain
0%
UvaSri Lanka
0%
North CentralSri Lanka
0%
SubaragamuwaSri Lanka
0%
North WesternSri Lanka
0%
Eastern ProvinceSri Lanka
0%
Central ProvinceSri Lanka
0%
Al JazirahSudan
0%
West DarfurSudan
0%
North DarfurSudan
0%
KhartoumSudan
0%
East DarfurSudan
0%
West KordofanSudan
0%
SennarSudan
0%
South DarfurSudan
0%
Central DarfurSudan
0%
River NileSudan
0%
KassalaSudan
0%
North KordofanSudan
0%
CommewijneSuriname
0%
CoronieSuriname
0%
BrokopondoSuriname
0%
MarowijneSuriname
0%
ParaSuriname
0%
SipaliwiniSuriname
0%
NickerieSuriname
0%
WanicaSuriname
0%
SaramaccaSuriname
0%
SödermanlandSweden
0%
BlekingeSweden
0%
VärmlandSweden
0%
ÖrebroSweden
0%
NorrbottenSweden
0%
ÖstergötlandSweden
0%
DalarnaSweden
0%
JämtlandSweden
0%
KronobergSweden
0%
JönköpingSweden
0%
Västra GötalandSweden
0%
VästerbottenSweden
0%
AargauSwitzerland
0%
TicinoSwitzerland
0%
ObwaldenSwitzerland
0%
ZürichSwitzerland
0%
NeuchâtelSwitzerland
0%
ZugSwitzerland
0%
GlarusSwitzerland
0%
Appenzell InnerrhodenSwitzerland
0%
GraubündenSwitzerland
0%
FribourgSwitzerland
0%
VaudSwitzerland
0%
JuraSwitzerland
0%
SchaffhausenSwitzerland
0%
LuzernSwitzerland
0%
SchwyzSwitzerland
0%
IdlibSyria
0%
Deir ez-ZorSyria
0%
DaraaSyria
0%
HamaSyria
0%
TartusSyria
0%
Rif DimashqSyria
0%
QuneitraSyria
0%
HasakaSyria
0%
LatakiaSyria
0%
KaohsiungTaiwan
0%
KeelungTaiwan
0%
TainanTaiwan
0%
TaipeiTaiwan
0%
TaitungTaiwan
0%
ChanghuaTaiwan
0%
TaoyuanTaiwan
0%
MiaoliTaiwan
0%
NantouTaiwan
0%
PingtungTaiwan
0%
HsinchuTaiwan
0%
ChiayiTaiwan
0%
PenghuTaiwan
0%
LienchiangTaiwan
0%
YilanTaiwan
0%
SughdTajikistan
0%
Region of Republican SubordinationTajikistan
0%
KhationTajikistan
0%
DushanbeTajikistan
0%
KataviTanzania
0%
ShinyangaTanzania
0%
NjombeTanzania
0%
KageraTanzania
0%
ManyaraTanzania
0%
TangaTanzania
0%
SingidaTanzania
0%
MaraTanzania
0%
SongweTanzania
0%
LindiTanzania
0%
MbeyaTanzania
0%
TaboraTanzania
0%
Mjini MagharibiTanzania
0%
KigomaTanzania
0%
Pemba SouthTanzania
0%
Pemba NorthTanzania
0%
DodomaTanzania
0%
RukwaTanzania
0%
GeitaTanzania
0%
Unguja NorthTanzania
0%
MorogoroTanzania
0%
YalaThailand
0%
Mae Hong SonThailand
0%
Phra Nakhon Si AyutthayaThailand
0%
KalasinThailand
0%
SurinThailand
0%
Suphan BuriThailand
0%
Kamphaeng PhetThailand
0%
RanongThailand
0%
Nong Bua LamphuThailand
0%
LopburiThailand
0%
SukhothaiThailand
0%
PhitsanulokThailand
0%
ChonburiThailand
0%
LoeiThailand
0%
Chai NatThailand
0%
Bueng KanThailand
0%
ChanthaburiThailand
0%
SaraburiThailand
0%
Udon ThaniThailand
0%
PhayaoThailand
0%
PhetchabunThailand
0%
Chiang MaiThailand
0%
LampangThailand
0%
PhetchaburiThailand
0%
SatunThailand
0%
ChachoengsaoThailand
0%
PhichitThailand
0%
RayongThailand
0%
NonthaburiThailand
0%
Nong KhaiThailand
0%
TrangThailand
0%
LamphunThailand
0%
Phang NgaThailand
0%
Nakhon PathomThailand
0%
Roi EtThailand
0%
TratThailand
0%
Nakhon Si ThammaratThailand
0%
Nakhon RatchasimaThailand
0%
YasothonThailand
0%
Nakhon PhanomThailand
0%
Nakhon NayokThailand
0%
SisaketThailand
0%
Prachuap Khiri KhanThailand
0%
PrachinburiThailand
0%
SongkhlaThailand
0%
Khon KaenThailand
0%
Samut PrakanThailand
0%
Ang ThongThailand
0%
UttaraditThailand
0%
KrabiThailand
0%
BuriramThailand
0%
NanThailand
0%
Sa KaeoThailand
0%
Amnat ChareonThailand
0%
PhuketThailand
0%
NarathiwatThailand
0%
Sakon NakhonThailand
0%
CentraleTogo
0%
KaraTogo
0%
MaritimeTogo
0%
Ongo NiuaTonga
0%
Ha'apaiTonga
0%
EuaTonga
0%
Princes TownTrinidad and Tobago
0%
ChaguanasTrinidad and Tobago
0%
Mayaro-Rio ClaroTrinidad and Tobago
0%
Port of SpainTrinidad and Tobago
0%
Tunapuna-PiarcoTrinidad and Tobago
0%
Sangre GrandeTrinidad and Tobago
0%
San Juan-LaventilleTrinidad and Tobago
0%
Point FortinTrinidad and Tobago
0%
Couva-Tabaquite-TalparoTrinidad and Tobago
0%
SipariaTrinidad and Tobago
0%
Penal-DebeTrinidad and Tobago
0%
San FernandoTrinidad and Tobago
0%
Diego MartinTrinidad and Tobago
0%
KasserineTunisia
0%
Ben ArousTunisia
0%
KefTunisia
0%
KebiliTunisia
0%
BéjaTunisia
0%
MonastirTunisia
0%
KairouanTunisia
0%
MahdiaTunisia
0%
GabèsTunisia
0%
GafsaTunisia
0%
MedenineTunisia
0%
TunisTunisia
0%
ZaghouanTunisia
0%
ManoubaTunisia
0%
SilianaTunisia
0%
TataouineTunisia
0%
TozeurTunisia
0%
ArianaTunisia
0%
BizerteTunisia
0%
SfaxTunisia
0%
JendoubaTunisia
0%
VanTurkey
0%
AydınTurkey
0%
YalovaTurkey
0%
TrabzonTurkey
0%
AmasyaTurkey
0%
BurdurTurkey
0%
BingölTurkey
0%
ÇanakkaleTurkey
0%
BartınTurkey
0%
BursaTurkey
0%
UşakTurkey
0%
TunceliTurkey
0%
ArtvinTurkey
0%
BoluTurkey
0%
YozgatTurkey
0%
AnkaraTurkey
0%
BayburtTurkey
0%
AksarayTurkey
0%
ÇankırıTurkey
0%
BilecikTurkey
0%
AdıyamanTurkey
0%
ZonguldakTurkey
0%
AdanaTurkey
0%
AfyonkarahisarTurkey
0%
SivasTurkey
0%
SinopTurkey
0%
ErzincanTurkey
0%
MardinTurkey
0%
SamsunTurkey
0%
NiğdeTurkey
0%
DiyarbakırTurkey
0%
KayseriTurkey
0%
KastamonuTurkey
0%
KarsTurkey
0%
RizeTurkey
0%
KarabükTurkey
0%
ManisaTurkey
0%
OrduTurkey
0%
DüzceTurkey
0%
ErzurumTurkey
0%
SakaryaTurkey
0%
EskişehirTurkey
0%
KahramanmaraşTurkey
0%
MuğlaTurkey
0%
GiresunTurkey
0%
İzmirTurkey
0%
MuşTurkey
0%
IstanbulTurkey
0%
IspartaTurkey
0%
GümüşhaneTurkey
0%
IğdırTurkey
0%
HakkâriTurkey
0%
HatayTurkey
0%
SiirtTurkey
0%
DenizliTurkey
0%
ŞanlıurfaTurkey
0%
ÇorumTurkey
0%
KütahyaTurkey
0%
TokatTurkey
0%
KonyaTurkey
0%
KilisTurkey
0%
KocaeliTurkey
0%
KırıkkaleTurkey
0%
BalkanTurkmenistan
0%
AshgabatTurkmenistan
0%
AhalTurkmenistan
0%
LebapTurkmenistan
0%
DaşoguzTurkmenistan
0%
MaryTurkmenistan
0%
NiulakitaTuvalu
0%
FunafutiTuvalu
0%
NanumeaTuvalu
0%
VaitupuTuvalu
0%
NukulaelaeTuvalu
0%
NanumangaTuvalu
0%
NuiTuvalu
0%
NukufetauTuvalu
0%
NiutaoTuvalu
0%
JinjaUganda
0%
SembabuleUganda
0%
LamwoUganda
0%
KabaleUganda
0%
WakisoUganda
0%
PallisaUganda
0%
KaabongUganda
0%
KabaroleUganda
0%
NakasongolaUganda
0%
KyoteraUganda
0%
NakasekeUganda
0%
RukungiriUganda
0%
IsingiroUganda
0%
NamutumbaUganda
0%
KibuubeUganda
0%
RukigaUganda
0%
IgangaUganda
0%
SheemaUganda
0%
NabilatukUganda
0%
KumiUganda
0%
IbandaUganda
0%
RubandaUganda
0%
HoimaUganda
0%
KaberamaidoUganda
0%
KagadiUganda
0%
NakapiripiritUganda
0%
PaderUganda
0%
NamayingoUganda
0%
KisoroUganda
0%
KayungaUganda
0%
KitgumUganda
0%
KatakwiUganda
0%
KibaaleUganda
0%
KaseseUganda
0%
KasandaUganda
0%
KobokoUganda
0%
OyamUganda
0%
KibogaUganda
0%
KoleUganda
0%
KapelebyongUganda
0%
YumbeUganda
0%
KiruhuraUganda
0%
KapchorwaUganda
0%
KanunguUganda
0%
KamwengeUganda
0%
KamuliUganda
0%
KalunguUganda
0%
KyenjojoUganda
0%
KaliroUganda
0%
KyankwanziUganda
0%
KalangalaUganda
0%
KakumiroUganda
0%
KibukuUganda
0%
KotidoUganda
0%
PakwachUganda
0%
NamisindwaUganda
0%
KiryandongoUganda
0%
NapakUganda
0%
BundibugyoUganda
0%
MasindiUganda
0%
ButambalaUganda
0%
MasakaUganda
0%
ButalejaUganda
0%
BushenyiUganda
0%
BunyangabuUganda
0%
BuliisaUganda
0%
AbimUganda
0%
OtukeUganda
0%
OmoroUganda
0%
DokoloUganda
0%
BulambuliUganda
0%
BukwoUganda
0%
BukomansimbiUganda
0%
ButeboUganda
0%
BuvumaUganda
0%
NgoraUganda
0%
AmuriaUganda
0%
NtorokoUganda
0%
TororoUganda
0%
AmolatarUganda
0%
MitoomaUganda
0%
AmudatUganda
0%
MityanaUganda
0%
NwoyaUganda
0%
BuyendeUganda
0%
RubiriziUganda
0%
AmuruUganda
0%
MbaleUganda
0%
MayugeUganda
0%
ZomboUganda
0%
AlebtongUganda
0%
MorotoUganda
0%
BukedeaUganda
0%
MarachaUganda
0%
BuikweUganda
0%
AruaUganda
0%
SorotiUganda
0%
MukonoUganda
0%
BuhwejuUganda
0%
LuukaUganda
0%
GombaUganda
0%
RakaiUganda
0%
GuluUganda
0%
LwengoUganda
0%
AdjumaniUganda
0%
NtungamoUganda
0%
SironkoUganda
0%
NebbiUganda
0%
KweenUganda
0%
LiraUganda
0%
AgagoUganda
0%
LuweeroUganda
0%
KwaniaUganda
0%
LyantondeUganda
0%
MubendeUganda
0%
BugweriUganda
0%
BugiriUganda
0%
ManafwaUganda
0%
BududaUganda
0%
BudakaUganda
0%
ApacUganda
0%
MpigiUganda
0%
MoyoUganda
0%
KirovohradUkraine
0%
KievUkraine
0%
KhmelnytskyiUkraine
0%
RivneUkraine
0%
DonetskUkraine
0%
KhersonUkraine
0%
ZaporizhiaUkraine
0%
ChernivtsiUkraine
0%
VolynUkraine
0%
TernopilUkraine
0%
VinnytsiaUkraine
0%
MykolaivUkraine
0%
KharkivUkraine
0%
PoltavaUkraine
0%
LvivUkraine
0%
ZakarpattiaUkraine
0%
ZhytomyrUkraine
0%
LuhanskUkraine
0%
DnipropetrovskUkraine
0%
SharjahUnited Arab Emirates
0%
Abu DhabiUnited Arab Emirates
0%
AjmanUnited Arab Emirates
0%
MontserratUnited Kingdom
0%
Pitcairn IslandsUnited Kingdom
0%
WalesUnited Kingdom
0%
AnguillaUnited Kingdom
0%
BermudaUnited Kingdom
0%
Akrotiri and DhekeliaUnited Kingdom
0%
Cayman IslandsUnited Kingdom
0%
British Virgin IslandsUnited Kingdom
0%
Falkland IslandsUnited Kingdom
0%
Northern IrelandUnited Kingdom
0%
EnglandUnited Kingdom
0%
ScotlandUnited Kingdom
0%
JerseyUnited Kingdom
0%
GibraltarUnited Kingdom
0%
AlabamaUnited States
0%
GeorgiaUnited States
0%
OregonUnited States
0%
Puerto RicoUnited States
0%
OklahomaUnited States
0%
OhioUnited States
0%
DelawareUnited States
0%
MassachusettsUnited States
0%
North CarolinaUnited States
0%
North DakotaUnited States
0%
ColoradoUnited States
0%
MontanaUnited States
0%
TennesseeUnited States
0%
MississippiUnited States
0%
New YorkUnited States
0%
American SamoaUnited States
0%
UtahUnited States
0%
GuamUnited States
0%
IowaUnited States
0%
VermontUnited States
0%
NevadaUnited States
0%
LouisianaUnited States
0%
HawaiiUnited States
0%
NebraskaUnited States
0%
ArkansasUnited States
0%
ArizonaUnited States
0%
New HampshireUnited States
0%
New MexicoUnited States
0%
FloridaUnited States / Uruguay
0%
RochaUruguay
0%
SaltoUruguay
0%
Treinta y TresUruguay
0%
CanelonesUruguay
0%
MontevideoUruguay
0%
RiveraUruguay
0%
ColoniaUruguay
0%
Cerro LargoUruguay
0%
PaysandúUruguay
0%
SorianoUruguay
0%
MaldonadoUruguay
0%
ArtigasUruguay
0%
DuraznoUruguay
0%
TacuarembóUruguay
0%
KarakalpakstanUzbekistan
0%
FerganaUzbekistan
0%
NamanganUzbekistan
0%
TashkentUzbekistan
0%
JizzakhUzbekistan
0%
NavoiyUzbekistan
0%
BukharaUzbekistan
0%
SurxondaryoUzbekistan
0%
XorazmUzbekistan
0%
TafeaVanuatu
0%
ShefaVanuatu
0%
MalampaVanuatu
0%
TorbaVanuatu
0%
PenamaVanuatu
0%
SanmaVanuatu
0%
YaracuyVenezuela
0%
ZuliaVenezuela
0%
Nueva EspartaVenezuela
0%
VargasVenezuela
0%
CojedesVenezuela
0%
GuáricoVenezuela
0%
FalcónVenezuela
0%
LaraVenezuela
0%
AraguaVenezuela
0%
BarinasVenezuela
0%
Delta AmacuroVenezuela
0%
TrujilloVenezuela
0%
AnzoáteguiVenezuela
0%
TáchiraVenezuela
0%
CaraboboVenezuela
0%
PortuguesaVenezuela
0%
MéridaVenezuela
0%
MirandaVenezuela
0%
Cần ThơVietnam
0%
Bình ĐịnhVietnam
0%
Hưng YênVietnam
0%
Hòa BìnhVietnam
0%
Ho Chi Minh CityVietnam
0%
Hậu GiangVietnam
0%
HanoiVietnam
0%
Hải DươngVietnam
0%
Hà NamVietnam
0%
Sóc TrăngVietnam
0%
Tiền GiangVietnam
0%
Gia LaiVietnam
0%
Thái BìnhVietnam
0%
Đồng ThápVietnam
0%
Nghệ AnVietnam
0%
Thừa Thiên–HuếVietnam
0%
Đồng NaiVietnam
0%
Đắk LắkVietnam
0%
Da NangVietnam
0%
Tây NinhVietnam
0%
Thanh HóaVietnam
0%
Cà MauVietnam
0%
Bến TreVietnam
0%
Phú ThọVietnam
0%
Vĩnh LongVietnam
0%
Bắc GiangVietnam
0%
An GiangVietnam
0%
Quảng NamVietnam
0%
Quảng NgãiVietnam
0%
Quảng TrịVietnam
0%
Yên BáiVietnam
0%
Trà VinhVietnam
0%
Lai ChâuVietnam
0%
Bà Rịa–Vũng TàuVietnam
0%
Cao BằngVietnam
0%
Bắc NinhVietnam
0%
Kon TumVietnam
0%
Bạc LiêuVietnam
0%
Bắc KạnVietnam
0%
Nam ĐịnhVietnam
0%
HajjahYemen
0%
Al MahwitYemen
0%
Amanat Al AsimahYemen
0%
AmranYemen
0%
IbbYemen
0%
Ma'ribYemen
0%
TaizYemen
0%
DhaleYemen
0%
AbyanYemen
0%
DhamarYemen
0%
SocotraYemen
0%
HadramautYemen
0%
AdenYemen
0%
LahijYemen
0%
Al HudaydahYemen
0%
Al JawfYemen
0%
Sa'dahYemen
0%
RaymahYemen
0%
Al MahrahYemen
0%
MuchingaZambia
0%
CopperbeltZambia
0%
North-WesternZambia
0%
LuapulaZambia
0%
BulawayoZimbabwe
0%
ManicalandZimbabwe
0%
Mashonaland CentralZimbabwe
0%
MasvingoZimbabwe
0%
Matabeleland SouthZimbabwe
0%
MidlandsZimbabwe
0%
HarareZimbabwe
0%

Score Distribution

Percentile by Number Answered

Percent of People with Each Score

Your Score History

You have not taken this quiz